{"text_format":"3","workbook":"xlsx","n_sheets":10,"sheets":["1 день","2 день","3 день","4 день","5 день","6 день","7 день","8 день","9 день","10 день"],"read":"whole","date_system":"1900"}

{"sheet":"1 день","index":0,"n_rows":89,"n_cols":14,"rows_kept":89,"merged":[[0,0,1,1],[0,2,1,3],[0,4,1,5],[0,6,1,6],[0,7,1,7],[3,0,3,3],[4,0,4,7],[5,0,5,7],[6,0,6,1],[6,6,12,6],[7,0,7,1],[8,0,8,1],[9,0,9,1],[10,0,10,1],[11,0,11,1],[12,0,12,1],[13,0,13,7],[14,0,14,1],[14,6,17,6],[15,0,15,1],[16,0,16,1],[17,0,17,1],[18,0,18,7],[19,0,19,1],[19,6,20,6],[20,0,20,1],[21,0,21,7],[22,0,22,1],[23,0,23,7],[24,0,26,0],[24,6,26,6],[27,0,27,7],[28,0,32,0],[33,0,39,0],[40,0,40,7],[41,0,41,1],[41,6,48,6],[42,0,42,1],[43,0,43,1],[44,0,44,1],[45,0,45,1],[46,0,46,1],[47,0,47,1],[48,0,48,1],[49,0,49,7],[50,0,50,1],[50,6,57,6],[51,0,51,1],[52,0,52,1],[53,0,53,1],[54,0,54,1],[55,0,55,1],[56,0,56,1],[57,0,57,1],[58,0,58,7],[59,0,59,1],[59,6,61,6],[60,0,60,1],[61,0,61,1],[62,0,62,1],[63,0,63,7],[64,0,64,1],[65,0,66,0],[65,6,66,6],[67,0,74,0],[67,6,80,6],[75,0,80,0],[81,0,84,0],[81,6,84,6],[85,0,87,0],[85,6,87,6],[88,0,88,1]]}
["меню на 1 день",null,"ГРАММ НА 1 РЕБЕНКА",null,"КОЛ-ВО ДЕТЕЙ ",null,"Сотрудники","ИТОГО","продукты к выдаче","ед.изм","ИТОГО на день (грамм)","Выдано","Перерасход (экономия)"]
[{"$nulls":8},"мясо (котлетное)","кг",{"$f":"(H29+H42)/1000","v":{"v":1.3569,"d":"1.36"}},null,{"$f":"L2-K2","v":{"v":-1.3569,"d":"-1.36"}},{"$f":"B3","v":"00:00:00"}]
["Дата",null,"ЯСЛИ","САД","ЯСЛИ","САД",10,"первое","фарш готовый","кг",{"$f":"(H30+H43)/1000","v":{"v":1.3569,"d":"1.36"}},null,{"$f":"L3-K3","v":{"v":-1.3569,"d":"-1.36"}}]
[{"$nulls":4},10,10,null,"второе","фарш куриный","кг",null,null,{"v":0,"d":"0.00"}]
["ЗАВТРАК",{"$nulls":7},"птица","кг",null,null,{"v":0,"d":"0.00"}]
["каша дружба",{"$nulls":7},"фарш минтая","кг",{"$f":"H69/1000","v":{"v":0.8815,"d":"0.88"}},null,{"v":-0.8815,"d":"-0.88"}]
["рис",null,10,13.5,{"$f":"C7*E4","v":100},{"$f":"D7*F4","v":135},null,{"$f":"E7+F7","v":235},"минтай","кг",{"$f":"H68/1000","v":{"v":1.1988,"d":"1.20"}},null,{"v":-1.1988,"d":"-1.20"}]
["пшено",null,7.5,10,{"$f":"C8*E4","v":75},{"$f":"D8*F4","v":100},null,{"$f":"E8+F8","v":175},"масло слив","кг",{"$f":"(H13+H21+H74+H77+H84)/1000","v":{"v":0.3305,"d":"0.33"}},null,{"v":-0.3305,"d":"-0.33"}]
["молоко",null,75,90,{"$f":"C9*E4","v":750},{"$f":"D9*F4","v":900},null,1650,"масло раст","л",{"$f":"(H38+H49+H56+H73)/1000","v":{"v":0.1765,"d":"0.18"}},null,{"v":-0.1765,"d":"-0.18"}]
["вода",null,48,68,{"$f":"C10*E4","v":480},{"$f":"D10*F4","v":680},null,1160,"молоко","л",{"$f":"(H9+H17+H75+H83+H76)/1000","v":{"v":4.2458,"d":"4.25"}},null,{"v":-4.2458,"d":"-4.25"}]
["Сахар",null,2,2.5,{"$f":"C11*E4","v":20},{"$f":"D11*F4","v":25},null,45,"молоко сгущ ","л",null,null,{"v":0,"d":"0.00"}]
["соль",null,0.4,0.5,{"$f":"C12*E4","v":4},{"$f":"D12*F4","v":5},null,9,"кефир","шт. ",{"$f":"H66/450","v":{"v":7.555555555555555,"d":"8"}},null,{"v":-7.555555555555555,"d":"-7.56"}]
["масло сливочное",null,3,5,{"$f":"C13*E4","v":30},{"$f":"D13*F4","v":50},null,80,"ряженка","шт. ",null,null,{"v":0,"d":"0.00"}]
["кофейный напиток",{"$nulls":7},"катык","шт. ",null,null,{"v":0,"d":"0.00"}]
["кофе",null,2.5,2.5,{"$f":"C15*E4","v":25},{"$f":"D15*F4","v":25},null,{"$f":"E15+F15","v":50},"напиток ацидофильный","шт. ",null,null,{"v":0,"d":"0.00"}]
["сахар",null,6,6,{"$f":"C16*E4","v":60},{"$f":"D16*F4","v":60},null,{"$f":"E16+F16","v":120},"сметана","л",null,null,{"v":0,"d":"0.00"}]
["молоко",null,90,90,{"$f":"C17*E4","v":900},{"$f":"D17*F4","v":900},null,{"$f":"E17+F17","v":1800},"творог","шт. ",null,null,{"v":0,"d":"0.00"}]
["вода",null,108,108,{"$f":"C18*E4","v":1080},{"$f":"D18*F4","v":1080},null,{"$f":"E18+F18","v":2160},"сыр","кг",null,null,{"v":0,"d":"0.00"}]
["бутерброд с маслом",{"$nulls":7},"яйцо","шт",{"$f":"(H32+H72)/48","v":{"v":3.1125000000000003,"d":"3"}},null,{"v":-3.1125000000000003,"d":"-3"}]
["батон нарезной",null,25,30,{"$f":"C20*E4","v":250},{"$f":"D20*F4","v":300},null,{"$f":"E20+F20","v":550},"мука пшен","кг",{"$f":"(H55+H78)/1000","v":{"v":0.049,"d":"0.05"}},null,{"v":-0.049,"d":"-0.05"}]
["масло сливочное",null,5,5,{"$f":"C21*E4","v":50},{"$f":"D21*F4","v":50},null,{"$f":"E21+F21","v":100},"гречка","кг",null,null,{"v":0,"d":"0.00"}]
["2-ОЙ ЗАВТРАК",{"$nulls":7},"манка","кг",null,null,{"v":0,"d":"0.00"}]
["Сок ",null,200,180,{"$f":"C23*E4","v":2000},{"$f":"D23*F4","v":1800},null,{"$f":"E23+F23","v":3800},"рис","кг",{"$f":"H7/1000","v":{"v":0.235,"d":"0.24"}}]
["ОБЕД",{"$nulls":7},"пшено","кг",{"$f":"H8/1000","v":{"v":0.175,"d":"0.18"}},null,{"v":-0.175,"d":"-0.18"}]
["Салат из моркови припущенной с яблоками","морковь",40.88,61.31,{"$f":"C25*E4","v":408.8},{"$f":"D25*F4","v":613.1},null,{"$f":"E25+F25","v":1021.9000000000001},"геркулес","кг",null,null,{"v":0,"d":"0.00"}]
[null,"яблоки",11.4,17.1,{"$f":"C26*E4","v":114},{"$f":"D26*F4","v":171},null,{"$f":"E26+F26","v":285},"вермишель","кг",{"$f":"H35/1000","v":0.22},null,-0.22]
[null,"сахар",0.4,0.6,{"$f":"C27*E4","v":4},{"$f":"D27*F4","v":6},null,{"$f":"E27+F27","v":10},"кукурузная крупа","кг",null,null,{"v":0,"d":"0.00"}]
["Суп картофельный с вермишелью,  с мясными фрикадельками",{"$nulls":7},"сахар песок","кг",{"$f":"(H11+H16+H27+H67+H62+H80+H87+H57)/1000","v":{"v":0.4675,"d":"0.47"}},null,{"v":-0.4675,"d":"-0.47"}]
["фрикадельки","говядина (котлетное мясо)",11.97,17.85,{"$f":"C29*E4","v":119.7},{"$f":"D29*F4","v":178.5},{"$f":"D29*G3","v":178.5},{"$f":"E29+F29+G29","v":476.7},"макароны","кг",null,null,{"v":0,"d":"0.00"}]
[null,"фарш говяжий",11.97,17.85,{"$f":"C30*E4","v":119.7},{"$f":"D30*F4","v":178.5},{"$f":"D30*G3","v":178.5},{"$f":"E30+F30+G30","v":476.7},"печенье","кг",null,null,{"v":0,"d":"0.00"}]
[null,"лук",1.19,1.79,{"$f":"C31*E4","v":11.899999999999999},{"$f":"D31*F4","v":17.9},{"$f":"D31*G3","v":17.9},{"$f":"E31+F31+G31","v":47.699999999999996},"вафли","кг",{"$f":"H65/1000","v":{"v":0.4,"d":"0.40"}},null,{"v":-0.4,"d":"-0.400"}]
[null,"яйцо",0.96,1.44,{"$f":"C32*E4","v":9.6},{"$f":"D32*F4","v":14.399999999999999},{"$f":"D32*G3","v":14.399999999999999},{"$f":"E32+F32+G32","v":38.4},"какао","кг",null,null,{"v":0,"d":"0.00"}]
[null,"соль",0.1,0.15,{"$f":"C33*E4","v":1},{"$f":"D33*F4","v":1.5},{"$f":"D33*G3","v":1.5},4,"кофе","кг",{"$f":"H15/1000","v":{"v":0.05,"d":"0.050"}},null,{"v":-0.05,"d":"-0.050"}]
["суп","картофель",59.9,80,{"$f":"C34*E4","v":599},{"$f":"D34*F4","v":800},{"$f":"D34*G3","v":800},2199,"заварка","кг",{"$f":"H86/1000","v":{"v":0.0085,"d":"0.009"}},null,{"v":-0.0085,"d":"-0.009"}]
[null,"вермишель",6,8,{"$f":"C35*E4","v":60},{"$f":"D35*F4","v":80},{"$f":"D35*G3","v":80},{"$f":"E35+F35+G35","v":220},"дрожжи","кг",null,null,{"v":0,"d":"0.000"}]
[null,"морковь",7.5,10,{"$f":"C36*E4","v":75},{"$f":"D36*F4","v":100},{"$f":"D36*G3","v":100},275,"сок","л",{"$f":"F23/1000","v":{"v":1.8,"d":"1.80"}},null,{"v":-1.8,"d":"-1.80"}]
[null,"лук",7.2,9.6,{"$f":"C37*E4","v":72},{"$f":"D37*F4","v":96},{"$f":"D37*G3","v":96},264,"соль","кг",{"$f":"(H12+H33+H39+H48+H58+H70+H81+H85)/1000","v":{"v":0.0714,"d":"0.07"}},null,{"v":-0.0714,"d":"-0.07"}]
[null,"масло раст.",1.5,2,{"$f":"C38*E4","v":15},{"$f":"D38*F4","v":20},{"$f":"D38*G3","v":20},55,"картофель","кг",{"$f":"(H34+H82)/1000","v":{"v":5.163,"d":"5.16"}}]
[null,"соль",0.5,0.7,{"$f":"C39*E4","v":5},{"$f":"D39*F4","v":7},{"$f":"D39*G3","v":7},19,"томат паста","л",{"$f":"H54/1000","v":0.06},null,{"$f":"L39-K39","v":-0.06}]
[null,"вода",105,140,{"$f":"C40*E4","v":1050},{"$f":"D40*F4","v":1400},{"$f":"D40*G3","v":1400},3850,"сол.огурцы","л",null,null,{"v":0,"d":"0.00"}]
["Котлеты рубленые из говядины",{"$nulls":7},"зеленый горошек","кг",null,null,{"v":0,"d":"0.00"}]
["говядина (котлетное мясо)",null,36.57,51.45,{"$f":"C42*E4","v":365.7},{"$f":"D42*F4","v":514.5},null,{"$f":"E42+F42+G42","v":880.2},"капуста","кг",{"$f":"H51/1000","v":{"v":3.583,"d":"3.58"}},null,{"v":-3.583,"d":"-3.58"}]
["фарш готовый",null,36.57,51.45,{"$f":"C43*E4","v":365.7},{"$f":"D43*F4","v":514.5},null,880.2,"лук","кг",{"$f":"(H31+H37+H44+H52)/1000","v":{"v":0.6816,"d":"0.68"}},null,{"v":-0.6816,"d":"-0.68"}]
["лук",null,10.4,14.64,{"$f":"C44*E4","v":104},{"$f":"D44*F4","v":146.4},null,250.4,"морковь","кг",{"$f":"(H25+H36+H53)/1000","v":{"v":1.3594000000000002,"d":"1.36"}},null,{"v":-1.3594000000000002,"d":"-1.36"}]
["хлеб пшеничный",null,8.13,11,{"$f":"C45*E4","v":81.30000000000001},{"$f":"D45*F4","v":110},null,191.3,"свекла","кг",null,null,{"v":0,"d":"0.00"}]
["вода",null,5.2,14.7,{"$f":"C46*E4","v":52},{"$f":"D46*F4","v":147},null,199,"фрукты","кг",null,null,{"v":0,"d":"0.00"}]
["сухари панировочные",null,2.8,4,{"$f":"C47*E4","v":28},{"$f":"D47*F4","v":40},null,68,"яблоки","кг",{"$f":"H26/1000","v":{"v":0.285,"d":"0.29"}},null,{"v":-0.285,"d":"-0.29"}]
["соль",null,0.4,0.7,{"$f":"C48*E4","v":4},{"$f":"D48*F4","v":7},null,11,"лимон","кг",null,null,{"v":0,"d":"0.00"}]
["масло раст.",null,0.6,1,{"$f":"C49*E4","v":6},{"$f":"D49*F4","v":10},null,16,"повидло","л",null,null,{"v":0,"d":"0.00"}]
["Капуста тушеная"]
["капуста свежая",null,172,186.3,{"$f":"C51*E4","v":1720},{"$f":"D51*F4","v":1863},null,3583,"сухофрукты","кг",{"$f":"H60/1000","v":{"v":0.2805,"d":"0.28"}},null,{"v":-0.2805,"d":"-0.28"}]
["лук",null,5.76,6.19,{"$f":"C52*E4","v":57.599999999999994},{"$f":"D52*F4","v":61.900000000000006},null,119.5,"изюм","кг",null,null,{"v":0,"d":"0.00"}]
["морковь",null,3,3.25,{"$f":"C53*E4","v":30},{"$f":"D53*F4","v":32.5},null,62.5,"сухари панировочные","кг",{"$f":"H47/1000","v":{"v":0.068,"d":"0.07"}},null,{"v":-0.068,"d":"-0.07"}]
["томатная паста",null,2.88,3.12,{"$f":"C54*E4","v":28.799999999999997},{"$f":"D54*F4","v":31.200000000000003},null,{"$f":"E54+F54","v":60},"батон нарезной","кг",{"$f":"H20/1000","v":0.55},null,-0.55]
["мука пшеничная",null,1.44,1.56,{"$f":"C55*E4","v":14.399999999999999},{"$f":"D55*F4","v":15.600000000000001},null,{"$f":"E55+F55","v":30},"хлеб пшеничный","кг",{"$f":"(H45+H89+H71)/1000","v":{"v":0.8857999999999999,"d":"0.9"}},null,{"v":-0.8857999999999999,"d":"-0.89"}]
["масло растительное",null,4.2,4.55,{"$f":"C56*E4","v":42},{"$f":"D56*F4","v":45.5},null,{"$f":"E56+F56","v":87.5},"хлеб ржаной","кг",{"$f":"H63/1000","v":{"v":1.25,"d":"1.3"}},null,-1.25]
["сахар",null,0.9,1,{"$f":"C57*E4","v":9},{"$f":"D57*F4","v":10},null,{"$f":"E57+F57","v":19},"кукуруза консервир.","кг",null,null,{"v":0,"d":"0.00"}]
["соль",null,0.45,0.5,{"$f":"C58*E4","v":4.5},{"$f":"D58*F4","v":5},null,9.5,"сок 0,200","шт",{"$f":"E23/200","v":10},null,{"v":-10,"d":"-10.00"}]
["Компот из сухофруктов",{"$nulls":7},"огурцы св","кг",null,null,0]
["сухофрукты",null,12.75,15.3,{"$f":"C60*E4","v":127.5},{"$f":"D60*F4","v":153},null,{"$f":"E60+F60","v":280.5},"икра кабачковая ","кг",null,null,{"v":0,"d":"0.00"}]
["вода",null,152,183,{"$f":"C61*E4","v":1520},{"$f":"D61*F4","v":1830},null,{"$f":"E61+F61","v":3350},"курага","кг"]
["сахар",null,5,6,{"$f":"C62*E4","v":50},{"$f":"D62*F4","v":60},null,{"$f":"E62+F62","v":110},"лапша","кг"]
["хлеб ржаной",null,35,45,{"$f":"C63*E4","v":350},{"$f":"D63*F4","v":450},{"$f":"(G3+G4)*D63","v":450},{"$f":"E63+F63+G63","v":1250},"капуста цветная","кг"]
["УПЛОТНЕННЫЙ ПОЛДНИК"]
["вафли",null,20,20,{"$f":"C65*E4","v":200},{"$f":"D65*F4","v":200},null,{"$f":"E65+F65","v":400}]
["кефир с сахаром","кефир",155,185,{"$f":"C66*E4","v":1550},{"$f":"D66*F4","v":1850},null,{"$f":"E66+F66","v":3400}]
[null,"сахар",2,3,{"$f":"C67*E4","v":20},{"$f":"D67*F4","v":30},null,{"$f":"E67+F67","v":50}]
["пудинг рыбный","рыба (минтай)",51.54,68.34,{"$f":"C68*E4","v":515.4},{"$f":"D68*F4","v":683.4000000000001},null,{"$f":"E68+F68","v":1198.8000000000002}]
[null,"фарш минтая",37.9,50.25,{"$f":"C69*E4","v":379},{"$f":"D69*F4","v":502.5},null,{"$f":"E69+F69","v":881.5}]
[null,"соль",0.3,0.4,{"$f":"C70*E4","v":3},{"$f":"D70*F4","v":4},null,7]
[null,"хлеб пшеничный",6.2,8.25,{"$f":"C71*E4","v":62},{"$f":"D71*F4","v":82.5},null,144.5]
[null,"яйцо",4.8,6.3,{"$f":"C72*E4","v":48},{"$f":"D72*F4","v":63},null,111]
[null,"масло раст.",0.8,1,{"$f":"C73*E4","v":8},{"$f":"D73*F4","v":10},null,18]
[null,"масло сливочное",1.7,2.25,{"$f":"C74*E4","v":17},{"$f":"D74*F4","v":22.5},null,39.5]
[null,"молоко",9,12,{"$f":"C75*E4","v":90},{"$f":"D75*F4","v":120},null,210]
["соус молочный","молоко",7.5,10,{"$f":"C76*E4","v":75},{"$f":"D76*F4","v":100},null,175]
[null,"масло сливочное",0.8,1.1,{"$f":"C77*E4","v":8},{"$f":"D77*F4","v":11},null,19]
[null,"мука",0.8,1.1,{"$f":"C78*E4","v":8},{"$f":"D78*F4","v":11},null,19]
[null,"вода",7.5,10,{"$f":"C79*E4","v":75},{"$f":"D79*F4","v":100},null,175]
[null,"сахар",0.15,0.2,{"$f":"C80*E4","v":1.5},{"$f":"D80*F4","v":2},null,3.5]
[null,"соль",0.09,0.13,{"$f":"C81*E4","v":0.8999999999999999},{"$f":"D81*F4","v":1.3},null,2.2]
["пюре картофельное","картофель",136.8,159.6,{"$f":"C82*E4","v":1368},{"$f":"D82*F4","v":1596},null,2964]
[null,"молоко",18.96,22.12,{"$f":"C83*E4","v":189.60000000000002},{"$f":"D83*F4","v":221.20000000000002},null,410.80000000000007]
[null,"масло сливочное",4.2,5,{"$f":"C84*E4","v":42},{"$f":"D84*F4","v":50},null,92]
[null,"соль",0.45,0.52,{"$f":"C85*E4","v":4.5},{"$f":"D85*F4","v":5.2},null,9.7]
["чай с сахаром","чай весовой",0.4,0.45,{"$f":"C86*E4","v":4},{"$f":"D86*F4","v":4.5},null,{"$f":"E86+F86","v":8.5}]
[null,"сахар",5,6,{"$f":"C87*E4","v":50},{"$f":"D87*F4","v":60},null,110]
[null,"вода",150,180,{"$f":"C88*E4","v":1500},{"$f":"D88*F4","v":1800},null,3300]
["хлеб пшеничный",null,25,30,{"$f":"C89*E4","v":250},{"$f":"D89*F4","v":300},null,550]

{"sheet":"2 день","index":1,"n_rows":84,"n_cols":14,"rows_kept":84,"merged":[[0,0,2,1],[0,2,1,3],[0,4,1,5],[0,6,1,6],[0,7,1,7],[4,0,4,7],[5,0,5,7],[6,0,6,1],[6,6,11,6],[7,0,7,1],[8,0,8,1],[9,0,9,1],[10,0,10,1],[11,0,11,1],[12,0,12,7],[13,0,13,1],[13,6,16,6],[14,0,14,1],[15,0,15,1],[16,0,16,1],[17,0,17,7],[18,0,18,1],[18,6,20,6],[19,0,19,1],[20,0,20,1],[21,0,21,7],[22,0,22,1],[23,0,23,7],[24,0,28,0],[24,6,28,6],[29,0,29,7],[30,0,30,1],[31,0,31,1],[32,0,32,1],[33,0,33,1],[34,0,34,1],[35,0,35,1],[36,0,36,1],[37,0,37,1],[38,0,38,1],[39,0,39,1],[40,0,40,7],[41,0,41,1],[41,6,52,6],[42,0,42,1],[43,0,43,1],[44,0,44,1],[45,0,45,1],[46,0,46,1],[47,0,52,0],[53,0,53,7],[54,0,54,1],[54,6,56,6],[55,0,55,1],[56,0,56,1],[57,0,58,0],[57,6,58,6],[59,0,59,1],[60,0,60,1],[61,0,61,7],[62,0,62,1],[63,0,68,0],[63,6,68,6],[69,0,76,0],[69,6,79,6],[77,0,79,0],[80,0,83,0],[80,6,83,6],[85,0,85,5],[85,6,101,6],[86,0,86,1],[87,0,87,1],[88,0,88,1],[89,0,89,1],[90,0,90,1],[91,0,91,1],[92,0,92,1],[93,0,93,5],[94,0,94,1],[95,0,95,1],[96,0,96,1],[97,0,97,1],[98,0,98,5],[99,0,99,1],[100,0,100,1],[101,0,101,1]]}
["меню на 2 день",null,"ГРАММ НА 1 РЕБЕНКА",null,"КОЛ-ВО ДЕТЕЙ",null,"Сотрудники","ИТОГО","продукты к выдаче","ед.изм","ИТОГО на день (грамм)","Выдано","Перерасход (экономия)"]
[{"$nulls":8},"фарш готовый","кг",null,null,{"$f":"L2-K2","v":{"v":0,"d":"0.00"}},{"$f":"B4","v":"00:00:00"}]
[null,null,"ЯСЛИ","САД","ЯСЛИ","САД",10,"первое","птица","кг",{"$f":"H42/1000","v":{"v":1.026,"d":"1.03"}},null,{"v":-1.026,"d":"-1.03"}]
["Дата",{"$nulls":3},10,10,null,"второе","фарш куриный","кг",{"$f":"H43/1000","v":{"v":0.6777000000000001,"d":"0.68"}},null,{"v":-0.6777000000000001,"d":"-0.68"}]
["ЗАВТРАК",{"$nulls":7},"минтай","кг",null,null,{"v":0,"d":"0.00"}]
["каша полбяная молочная с маслом",{"$nulls":7},"масло слив","кг",{"$f":"(H12+H21+H49+H57+H66+H72)/1000","v":{"v":0.4894,"d":"0.49"}},null,{"v":-0.4894,"d":"-0.49"}]
["полба",null,18,22.5,{"$f":"C7*E4","v":180},{"$f":"D7*F4","v":225},null,{"$f":"E7+F7","v":405},"масло раст","л",{"$f":"(H29+H37+H47+H68)/1000","v":{"v":0.185,"d":"0.19"}},null,{"v":-0.185,"d":"-0.19"}]
["молоко",null,70,90,{"$f":"C8*E4","v":700},{"$f":"D8*F4","v":900},null,1600,"молоко","л",{"$f":"(H8+H16+H48)/1000","v":{"v":4.025,"d":"4.03"}},null,{"v":-4.025,"d":"-4.03"}]
["вода",null,53,68,{"$f":"C9*E4","v":530},{"$f":"D9*F4","v":680},null,1210,"молоко сгущ ","л",null,null,{"v":0,"d":"0.00"}]
["Сахар",null,2,2.5,{"$f":"C10*E4","v":20},{"$f":"D10*F4","v":25},null,45,"кефир","шт. ",null,null,{"v":0,"d":"0.00"}]
["соль",null,0.4,0.5,{"$f":"C11*E4","v":4},{"$f":"D11*F4","v":5},null,9,"ряженка","шт. ",{"$f":"H63/450","v":{"v":7.555555555555555,"d":"8"}},null,{"v":-7.555555555555555,"d":"-7.56"}]
["масло сл.",null,3,3,{"$f":"C12*E4","v":30},{"$f":"D12*F4","v":30},null,60,"катык","шт. ",null,null,{"v":0,"d":"0.00"}]
["какао с молоком",{"$nulls":7},"напиток ацидофильный","шт. ",null,null,{"v":0,"d":"0.00"}]
["какао",null,2,2,{"$f":"C14*E4","v":20},{"$f":"D14*F4","v":20},null,{"$f":"E14+F14","v":40},"сметана","л",{"$f":"(H38+H76)/1000","v":{"v":0.306,"d":"0.31"}},null,{"v":-0.306,"d":"-0.31"}]
["сахар",null,6,6,{"$f":"C15*E4","v":60},{"$f":"D15*F4","v":60},null,{"$f":"E15+F15","v":120},"творог","шт. ",{"$f":"H70/250","v":{"v":8.99,"d":"9"}},null,-8.99]
["молоко",null,110,110,{"$f":"C16*E4","v":1100},{"$f":"D16*F4","v":1100},null,{"$f":"E16+F16","v":2200},"сыр","кг",{"$f":"H20/1000","v":{"v":0.204,"d":"0.20"}},null,{"v":-0.204,"d":"-0.20"}]
["вода",null,80,80,{"$f":"C17*E4","v":800},{"$f":"D17*F4","v":800},null,{"$f":"E17+F17","v":1600},"яйцо","шт",{"$f":"H73/48","v":{"v":2.454166666666667,"d":"2"}},null,{"v":-2.454166666666667,"d":"-2"}]
["бутерброд с сыром и маслом",{"$nulls":7},"мука пшен","кг",{"$f":"(H50+H64)/1000","v":{"v":0.6774,"d":"0.68"}},null,{"v":-0.6774,"d":"-0.68"}]
["батон нарезной",null,25,30,{"$f":"C19*E4","v":250},{"$f":"D19*F4","v":300},null,{"$f":"E19+F19","v":550},"гречка","кг",null,null,{"v":0,"d":"0.00"}]
["сыр",null,10.2,10.2,{"$f":"C20*E4","v":102},{"$f":"D20*F4","v":102},null,{"$f":"E20+F20","v":204},"манка","кг",{"$f":"H75/1000","v":{"v":0.144,"d":"0.14"}},null,{"v":-0.144,"d":"-0.14"}]
["масло сливочное",null,5,5,{"$f":"C21*E4","v":50},{"$f":"D21*F4","v":50},null,{"$f":"E21+F21","v":100},"рис","кг",null,null,{"v":0,"d":"0.00"}]
["2-ОЙ ЗАВТРАК",{"$nulls":7},"пшено","кг",null,null,{"v":0,"d":"0.00"}]
["Фрукты свежие",null,100,100,{"$f":"C23*E4","v":1000},{"$f":"D23*F4","v":1000},null,{"$f":"E23+F23","v":2000},"перловка","кг",null,null,{"v":0,"d":"0.00"}]
["ОБЕД",{"$nulls":7},"геркулес","кг",null,null,{"v":0,"d":"0.00"}]
["Салат из картофеля с солеными огурцами","огурцы соленые",21.84,32.76,{"$f":"C25*E4","v":218.4},{"$f":"D25*F4","v":327.59999999999997},null,{"$f":"E25+F25","v":546},"горох","кг",null,null,{"v":0,"d":"0.00"}]
[null,"морковь",10.24,15.36,{"$f":"C26*E4","v":102.4},{"$f":"D26*F4","v":153.6},null,{"$f":"E26+F26","v":256},"пшеничная","кг",null,null,{"v":0,"d":"0.00"}]
[null,"лук",2.4,3.6,{"$f":"C27*E4","v":24},{"$f":"D27*F4","v":36},null,{"$f":"E27+F27","v":60},"полба","кг",{"$f":"H7/1000","v":{"v":0.405,"d":"0.41"}},null,{"v":-0.405,"d":"-0.41"}]
[null,"картофель",21.92,32.9,{"$f":"C28*E4","v":219.20000000000002},{"$f":"D28*F4","v":329},null,{"$f":"E28+F28","v":548.2},"кукурузная крупа","кг",null,null,{"v":0,"d":"0.00"}]
[null,"масло раст.",2,3,{"$f":"C29*E4","v":20},{"$f":"D29*F4","v":30},null,{"$f":"E29+F29","v":50},"сахар песок","кг",{"$f":"(H10+H15+H52+H59+H71+H79+H36+H65+H82)/1000","v":{"v":0.773,"d":"0.77"}},null,{"v":-0.773,"d":"-0.77"}]
["Борщ со свежей капустой, картофелем на курином бульоне, со сметаной",{"$nulls":7},"вермишель (звездочка)","кг",null,null,{"v":0,"d":"0.00"}]
["капуста св.",null,15.6,18.75,{"$f":"C31*E4","v":156},{"$f":"D31*F4","v":187.5},{"$f":"D31*G3","v":187.5},{"$f":"E31+F31+G31","v":531},"макароны","кг",{"$f":"H55/1000","v":0.84},null,-0.84]
["картофель",null,16.63,19.95,{"$f":"C32*E4","v":166.29999999999998},{"$f":"D32*F4","v":199.5},{"$f":"D32*G3","v":199.5},{"$f":"E32+F32+G32","v":565.3},"печенье","кг",null,null,{"v":0,"d":"0.00"}]
["морковь",null,11.25,12.5,{"$f":"C33*E4","v":112.5},{"$f":"D33*F4","v":125},{"$f":"D33*G3","v":125},362.5,"вафли","кг",null,null,{"v":0,"d":"0.00"}]
["лук",null,7.8,9.6,{"$f":"C34*E4","v":78},{"$f":"D34*F4","v":96},{"$f":"D34*G3","v":96},270,"какао","кг",{"$f":"H14/1000","v":{"v":0.04,"d":"0.040"}},null,{"v":-0.04,"d":"-0.040"}]
["свекла",null,32,38.4,{"$f":"C35*E4","v":320},{"$f":"D35*F4","v":384},{"$f":"D35*G3","v":384},1088,"кофе","кг",null,null,{"v":0,"d":"0.000"}]
["сахар",null,1.5,1.8,{"$f":"C36*E4","v":15},{"$f":"D36*F4","v":18},{"$f":"D36*G3","v":18},51,"заварка","кг",{"$f":"H81/1000","v":{"v":0.0085,"d":"0.009"}},null,{"v":-0.0085,"d":"-0.009"}]
["масло раст.",null,3,3.6,{"$f":"C37*E4","v":30},{"$f":"D37*F4","v":36},{"$f":"D37*G3","v":36},102,"дрожжи","кг",{"$f":"H69/1000","v":0.004},null,-0.004]
["сметана",null,7,7,{"$f":"C38*E4","v":70},{"$f":"D38*F4","v":70},{"$f":"D38*G3","v":70},210,"шиповник","кг",null,null,{"v":0,"d":"0.00"}]
["соль",null,0.65,0.8,{"$f":"C39*E4","v":6.5},{"$f":"D39*F4","v":8},{"$f":"D39*G3","v":8},22.5,"сок","л",null,null,{"v":0,"d":"0.00"}]
["бульон",null,120,144,{"$f":"C40*E4","v":1200},{"$f":"D40*F4","v":1440},{"$f":"D40*G3","v":1440},4080,"соль","кг",{"$f":"(H11+H39+H46+H53+H56+H67+H74)/1000","v":{"v":0.0705,"d":"0.07"}},null,{"v":-0.0705,"d":"-0.07"}]
["Фрикадельки куриные в молочном соусе",{"$nulls":7},"картофель","кг",{"$f":"(H28+H32)/1000","v":{"v":1.1135,"d":"1.11"}},null,{"v":-1.1135,"d":"-1.11"}]
["цыплята-бройлер с/м",null,45.6,57,{"$f":"C42*E4","v":456},{"$f":"D42*F4","v":570},null,{"$f":"E42+F42+G42","v":1026},"томат паста","л",null,null,{"v":0,"d":"0.00"}]
["фарш куриный",null,30.77,37,{"$f":"C43*E4","v":307.7},{"$f":"D43*F4","v":370},null,{"$f":"E43+F43","v":677.7},"сол.огурцы","л",{"$f":"H25/1000","v":{"v":0.546,"d":"0.55"}},null,{"v":-0.546,"d":"-0.55"}]
["хлеб пшеничный",null,7.3,9,{"$f":"C44*E4","v":73},{"$f":"D44*F4","v":90},null,{"$f":"E44+F44","v":163},"зеленый горошек","кг",null,null,{"v":0,"d":"0.00"}]
["вода",null,9,12,{"$f":"C45*E4","v":90},{"$f":"D45*F4","v":120},null,210,"капуста","кг",{"$f":"H31/1000","v":{"v":0.531,"d":"0.53"}},null,{"v":-0.531,"d":"-0.53"}]
["соль",null,0.3,0.35,{"$f":"C46*E4","v":3},{"$f":"D46*F4","v":3.5},null,6.5,"лук","кг",{"$f":"(H27+H34)/1000","v":0.33},null,-0.33]
["масло растительное",null,0.6,0.7,{"$f":"C47*E4","v":6},{"$f":"D47*F4","v":7},null,13,"морковь","кг",{"$f":"(H26+H33)/1000","v":{"v":0.6185,"d":"0.62"}},null,{"v":-0.6185,"d":"-0.62"}]
["соус молочный","молоко",10,12.5,{"$f":"C48*E4","v":100},{"$f":"D48*F4","v":125},null,{"$f":"E48+F48","v":225},"свекла","кг",{"$f":"H35/1000","v":{"v":1.088,"d":"1.09"}},null,{"v":-1.088,"d":"-1.09"}]
[null,"масло сливочное",1.04,1.3,{"$f":"C49*E4","v":10.4},{"$f":"D49*F4","v":13},null,{"$f":"E49+F49","v":23.4},"фрукты","кг",{"$f":"H23/1000","v":{"v":2,"d":"2.00"}},null,{"v":-2,"d":"-2.00"}]
[null,"мука ",1.04,1.3,{"$f":"C50*E4","v":10.4},{"$f":"D50*F4","v":13},null,23.4,"яблоки","кг",null,null,{"v":0,"d":"0.00"}]
[null,"вода",10,12.5,{"$f":"C51*E4","v":100},{"$f":"D51*F4","v":125},null,{"$f":"F51","v":125},"лимон","кг",{"$f":"H83/1000","v":{"v":0.1355,"d":"0.14"}},null,{"v":-0.1355,"d":"-0.14"}]
[null,"сахар",0.2,0.3,{"$f":"C52*E4","v":2},{"$f":"D52*F4","v":3},null,5,"повидло","л",null,null,{"v":0,"d":"0.00"}]
[null,"соль",0.2,0.3,{"$f":"C53*E4","v":2},{"$f":"D53*F4","v":3},null,5,"кисель","кг",{"$f":"(H78+H58)/1000","v":{"v":0.485,"d":"0.49"}},null,{"v":-0.485,"d":"-0.49"}]
["Макароны отварные с маслом сливочным",{"$nulls":7},"изюм","кг",null,null,{"$f":"L54-K54","v":{"v":0,"d":"0.00"}}]
["макаронные изделия",null,38.5,45.5,{"$f":"C55*E4","v":385},{"$f":"D55*F4","v":455},null,{"$f":"E55+F55","v":840},"крахмал","кг",{"$f":"H80/1000","v":0.02},null,-0.02]
["соль",null,0.45,0.5,{"$f":"C56*E4","v":4.5},{"$f":"D56*F4","v":5},null,9.5,"сухари панировочные","кг",{"$f":"H77/1000","v":{"v":0.096,"d":"0.10"}},null,{"v":-0.096,"d":"-0.10"}]
["масло сливочное",null,3,3,{"$f":"C57*E4","v":30},{"$f":"D57*F4","v":30},null,60,"батон нарезной","кг",{"$f":"H19/1000","v":0.55},null,-0.55]
["Кисель","кисель",17.5,21,{"$f":"C58*E4","v":175},{"$f":"D58*F4","v":210},null,385,"хлеб пшеничный","кг",{"$f":"(H44+H60)/1000","v":{"v":0.413,"d":"0.41"}},null,{"v":-0.413,"d":"-0.41"}]
[null,"сахар",5,6,{"$f":"C59*E4","v":50},{"$f":"D59*F4","v":60},null,110,"хлеб ржаной","кг",{"$f":"H61/1000","v":1.25},null,-1.25]
["хлеб пшеничный",null,0,25,{"$f":"C60*E4","v":0},{"$f":"D60*F4","v":250},null,250,"кукуруза конс.","кг",null,null,{"v":0,"d":"0.00"}]
["хлеб ржаной",null,35,45,{"$f":"C61*E4","v":350},{"$f":"D61*F4","v":450},{"$f":"(G3+G4)*D61","v":450},{"$f":"E61+F61+G61","v":1250},"сок 0,200","шт",null,null,0]
["УПЛОТНЕННЫЙ ПОЛДНИК"]
["Ряженка",null,155,185,{"$f":"C63*E4","v":1550},{"$f":"D63*F4","v":1850},null,{"$f":"E63+F63","v":3400}]
["Булочка дорожная","мука ",32.7,32.7,{"$f":"C64*E4","v":327},{"$f":"D64*F4","v":327},null,{"$f":"E64+F64","v":654}]
[null,"сахар",6,6,{"$f":"C65*E4","v":60},{"$f":"D65*F4","v":60},null,120]
[null,"масло слив.",7.5,7.5,{"$f":"C66*E4","v":75},{"$f":"D66*F4","v":75},null,150]
[null,"соль",0.3,0.3,{"$f":"C67*E4","v":3},{"$f":"D67*F4","v":3},null,6]
[null,"масло растит.",1,1,{"$f":"C68*E4","v":10},{"$f":"D68*F4","v":10},null,20]
[null,"дрожжи",0.2,0.2,{"$f":"C69*E4","v":2},{"$f":"D69*F4","v":2},null,4]
["Запеканка творожная с ягодным соусом","творог",103.2,121.55,{"$f":"C70*E4","v":1032},{"$f":"D70*F4","v":1215.5},null,{"$f":"E70+F70","v":2247.5}]
[null,"сахар",8.8,10.4,{"$f":"C71*E4","v":88},{"$f":"D71*F4","v":104},null,192]
[null,"масло слив",4.4,5.2,{"$f":"C72*E4","v":44},{"$f":"D72*F4","v":52},null,96]
[null,"яйцо",5.28,6.5,{"$f":"C73*E4","v":52.800000000000004},{"$f":"D73*F4","v":65},null,117.80000000000001]
[null,"соль",0.55,0.65,{"$f":"C74*E4","v":5.5},{"$f":"D74*F4","v":6.5},null,12]
[null,"крупа манная",6.6,7.8,{"$f":"C75*E4","v":66},{"$f":"D75*F4","v":78},null,144]
[null,"сметана",4.4,5.2,{"$f":"C76*E4","v":44},{"$f":"D76*F4","v":52},null,96]
[null,"сухари панировочные",4.4,5.2,{"$f":"C77*E4","v":44},{"$f":"D77*F4","v":52},null,96]
["соус ягодный","кисель",5,5,{"$f":"C78*E4","v":50},{"$f":"D78*F4","v":50},null,{"$f":"E78+F78","v":100}]
[null,"сахар",1,1,{"$f":"C79*E4","v":10},{"$f":"D79*F4","v":10},null,{"$f":"E79+F79","v":20}]
[null,"крахмал",1,1,{"$f":"C80*E4","v":10},{"$f":"D80*F4","v":10},null,20]
["Чай с сахаром и лимоном","чай весовой",0.4,0.45,{"$f":"C81*E4","v":4},{"$f":"D81*F4","v":4.5},null,{"$f":"E81+F81","v":8.5}]
[null,"сахар",5,6,{"$f":"C82*E4","v":50},{"$f":"D82*F4","v":60},null,110]
[null,"лимон",5.55,8,{"$f":"C83*E4","v":55.5},{"$f":"D83*F4","v":80},null,135.5]
[null,"вода",150,180,{"$f":"C84*E4","v":1500},{"$f":"D84*F4","v":1800},null,{"$f":"E84+F84","v":3300}]

{"sheet":"3 день","index":2,"n_rows":64,"n_cols":14,"rows_kept":64,"merged":[[0,0,1,1],[0,2,1,3],[0,4,1,5],[0,6,1,6],[0,7,1,7],[3,0,3,3],[4,0,4,7],[5,0,5,7],[6,0,6,1],[6,6,11,6],[7,0,7,1],[8,0,8,1],[9,0,9,1],[10,0,10,1],[11,0,11,1],[12,0,12,7],[13,0,13,1],[13,6,16,6],[14,0,14,1],[15,0,15,1],[16,0,16,1],[17,0,17,7],[18,0,18,1],[18,6,19,6],[19,0,19,1],[20,0,20,7],[21,0,21,1],[22,0,22,7],[23,0,23,1],[24,0,24,7],[25,0,25,1],[26,0,26,1],[27,0,27,1],[28,0,28,1],[29,0,29,1],[30,0,30,1],[31,0,31,1],[32,0,38,0],[32,6,38,6],[39,0,41,0],[39,6,41,6],[42,0,42,1],[43,0,43,7],[44,0,44,1],[45,0,50,0],[45,6,50,6],[51,0,55,0],[51,6,59,6],[56,0,59,0],[60,0,62,0],[60,6,62,6],[63,0,63,1]]}
["меню на 3 день",null,"ГРАММ НА 1 РЕБЕНКА",null,"КОЛ-ВО ДЕТЕЙ ",null,"Сотрудники","ИТОГО","продукты к выдаче","ед.изм","ИТОГО на день","Выдано","Перерасход (экономия)"]
[{"$nulls":8},"фарш куриный","кг",null,null,{"$f":"L2-K2","v":{"v":0,"d":"0.00"}},{"$f":"B3","v":"00:00:00"}]
["Дата",null,"ЯСЛИ","САД","ЯСЛИ","САД",10,"первое","говядина (лопатка)","кг",{"$f":"H37/1000","v":{"v":0.896,"d":"0.90"}},null,{"v":-0.896,"d":"-0.90"}]
[{"$nulls":4},10,10,null,"второе","фарш минтая","кг",{"$f":"H46/1000","v":{"v":1.1025,"d":"1.10"}},null,{"v":-1.1025,"d":"-1.10"}]
["ЗАВТРАК",{"$nulls":7},"минтай","кг",{"$f":"H47/1000","v":{"v":1.428,"d":"1.43"}},null,{"v":-1.428,"d":"-1.43"}]
["Каша кукурузная молочная с маслом слив.",{"$nulls":7},"масло слив","кг",{"$f":"(H12+H20+H36+H51)/1000","v":0.37},null,-0.37]
["кукурузная крупа",null,18,22.5,{"$f":"C7*E4","v":180},{"$f":"D7*F4","v":225},null,{"$f":"E7+F7","v":405},"масло раст","л",{"$f":"(H31+H55)/1000","v":0.15},null,-0.15]
["молоко",null,70,90,{"$f":"C8*E4","v":700},{"$f":"D8*F4","v":900},null,1600,"молоко","л",{"$f":"(H8+H16+H45)/1000","v":6.81},null,-6.81]
["вода",null,53,68,{"$f":"C9*E4","v":530},{"$f":"D9*F4","v":680},null,1210,"молоко сгущ ","л",null,null,{"v":0,"d":"0.00"}]
["Сахар",null,2,2.5,{"$f":"C10*E4","v":20},{"$f":"D10*F4","v":25},null,45,"кефир","шт. ",null,null,{"v":0,"d":"0.00"}]
["соль",null,0.4,0.5,{"$f":"C11*E4","v":4},{"$f":"D11*F4","v":5},null,9,"ряженка","шт. ",null,null,{"v":0,"d":"0.00"}]
["масло сливочное",null,4,5,{"$f":"C12*E4","v":40},{"$f":"D12*F4","v":50},null,90,"катык","шт. ",null,null,{"v":0,"d":"0.00"}]
["чай с молоком, сахаром",{"$nulls":7},"напиток ацидофильный","шт. ",null,null,{"v":0,"d":"0.00"}]
["заварка",null,0.45,0.45,{"$f":"C14*E4","v":4.5},{"$f":"D14*F4","v":4.5},null,{"$f":"E14+F14","v":9},"сметана","л",{"$f":"H57/1000","v":{"v":0.1125,"d":"0.11"}},null,{"v":-0.1125,"d":"-0.11"}]
["сахар",null,6,6,{"$f":"C15*E4","v":60},{"$f":"D15*F4","v":60},null,{"$f":"E15+F15","v":120},"творог","шт. ",null,null,{"v":0,"d":"0.00"}]
["молоко",null,82,92,{"$f":"C16*E4","v":820},{"$f":"D16*F4","v":920},null,{"$f":"E16+F16","v":1740},"сыр","кг",null,null,{"v":0,"d":"0.00"}]
["вода",null,90,90,{"$f":"C17*E4","v":900},{"$f":"D17*F4","v":900},null,{"$f":"E17+F17","v":1800},"яйцо","шт. ",{"$f":"H49/48","v":{"v":3.5,"d":"4"}},null,{"v":-3.5,"d":"-4"}]
["бутерброд с  маслом",{"$nulls":7},"мука пшен","кг",{"$f":"H58/1000","v":{"v":0.0338,"d":"0.03"}},null,{"v":-0.0338,"d":"-0.03"}]
["батон нарезной",null,25,30,{"$f":"C19*E4","v":250},{"$f":"D19*F4","v":300},null,{"$f":"E19+F19","v":550},"гречка","кг",null,null,{"v":0,"d":"0.00"}]
["масло сливочное",null,5,5,{"$f":"C20*E4","v":50},{"$f":"D20*F4","v":50},null,{"$f":"E20+F20","v":100},"манка","кг",null,null,{"v":0,"d":"0.00"}]
["2-ОЙ ЗАВТРАК",{"$nulls":7},"пшено","кг",{"$f":"H27/1000","v":0.33},null,-0.33]
["Сок в ассортименте",null,200,180,{"$f":"C22*E4","v":2000},{"$f":"D22*F4","v":1800},null,{"$f":"E22+F22","v":3800},"рис",null,{"$f":"H39/1000","v":0.87}]
["ОБЕД",{"$nulls":7},"геркулес","кг",null,null,{"v":0,"d":"0.00"}]
["Фрукты свежие",null,100,100,{"$f":"C24*E4","v":1000},{"$f":"D24*F4","v":1000},null,{"$f":"E24+F24","v":2000},"пшеничная","кг",null,null,{"v":0,"d":"0.00"}]
["Суп картофельный с пшенной крупой на мясном бульоне ",{"$nulls":7},"полба","кг",null,null,{"v":0,"d":"0.00"}]
["картофель",null,60,80,{"$f":"C26*E4","v":600},{"$f":"D26*F4","v":800},{"$f":"D26*G3","v":800},{"$f":"E26+F26+G26","v":2200},"кукурузная крупа","кг",{"$f":"H7/1000","v":{"v":0.405,"d":"0.41"}},null,{"$f":"L26-K26","v":{"v":-0.405,"d":"-0.41"}}]
["пшено",null,9,12,{"$f":"C27*E4","v":90},{"$f":"D27*F4","v":120},{"$f":"D27*G3","v":120},{"$f":"E27+F27+G27","v":330},"сахар песок","кг",{"$f":"(H10+H15+H42)/1000","v":0.31},null,-0.31]
["лук",null,7.14,9.52,{"$f":"C28*E4","v":71.39999999999999},{"$f":"D28*F4","v":95.19999999999999},{"$f":"D28*G3","v":95.19999999999999},261.79999999999995,"вермишель (звездочка)","кг",null,null,{"v":0,"d":"0.00"}]
["морковь",null,7.5,10,{"$f":"C29*E4","v":75},{"$f":"D29*F4","v":100},{"$f":"D29*G3","v":100},275,"макароны","кг",null,null,{"v":0,"d":"0.00"}]
["соль",null,0.5,0.7,{"$f":"C30*E4","v":5},{"$f":"D30*F4","v":7},{"$f":"D30*G3","v":7},19,"печенье","кг",null,null,{"v":0,"d":"0.00"}]
["масло раст.",null,1.5,2,{"$f":"C31*E4","v":15},{"$f":"D31*F4","v":20},{"$f":"D31*G3","v":20},55,"вафли","кг",null,null,{"v":0,"d":"0.00"}]
["вода",null,105,120,{"$f":"C32*E4","v":1050},{"$f":"D32*F4","v":1200},{"$f":"D32*G3","v":1200},3450,"какао","кг",null,null,{"v":0,"d":"0.00"}]
["Плов из отварной говядины","лук",8.9,11.9,{"$f":"C33*E4","v":89},{"$f":"D33*F4","v":119},null,208,"кофе","кг",null,null,{"v":0,"d":"0.00"}]
[null,"вода",65,86,{"$f":"C34*E4","v":650},{"$f":"D34*F4","v":860},null,1510,"заварка","кг",{"$f":"(H14+H61)/1000","v":0.018},null,{"v":-0.018,"d":"-0.02"}]
[null,"соль",0.5,0.8,{"$f":"C35*E4","v":5},{"$f":"D35*F4","v":8},null,13,"лимонная кислота","кг",null,null,{"v":0,"d":"0.000"}]
[null,"масло сливочное",5,8,{"$f":"C36*E4","v":50},{"$f":"D36*F4","v":80},null,130,"дрожжи","кг",null,null,{"v":0,"d":"0.000"}]
[null,"говядина (лопатка)",38.4,51.2,{"$f":"C37*E4","v":384},{"$f":"D37*F4","v":512},null,896,"шиповник","кг",null,null,{"v":0,"d":"0.000"}]
[null,"морковь",12.5,16.3,{"$f":"C38*E4","v":125},{"$f":"D38*F4","v":163},null,288,"сок","л",{"$f":"F22/1000","v":1.8},null,{"v":-1.8,"d":"-1.800"}]
[null,"крупа рисовая",32,55,{"$f":"C39*E4","v":320},{"$f":"D39*F4","v":550},null,870,"соль","кг",{"$f":"(H11+H30+H35+H50+H56+H60)/1000","v":{"v":0.054200000000000005,"d":"0.05"}},null,{"v":-0.054200000000000005,"d":"-0.054"}]
["Напиток из вишни","вода",152,183,{"$f":"C40*E4","v":1520},{"$f":"D40*F4","v":1830},null,{"$f":"E40+F40","v":3350},"картофель","кг",{"$f":"(H26+H52)/1000","v":{"v":5.393,"d":"5.39"}},null,{"v":-5.393,"d":"-5.39"}]
[null,"вишня с/м",15,18,{"$f":"C41*E4","v":150},{"$f":"D41*F4","v":180},null,{"$f":"E41+F41","v":330},"томат паста","л",null,null,{"v":0,"d":"0.00"}]
[null,"сахар",6.5,8,{"$f":"C42*E4","v":65},{"$f":"D42*F4","v":80},null,{"$f":"E42+F42","v":145},"огурцы свежие","л",null,null,{"v":0,"d":"0.00"}]
["хлеб ржаной",null,35,45,{"$f":"C43*E4","v":350},{"$f":"D43*F4","v":450},{"$f":"(G3+G4)*D43","v":450},{"$f":"E43+F43+G43","v":1250},"капуста","кг",null,null,{"v":0,"d":"0.00"}]
[" УПЛОТНЕННЫЙ ПОЛДНИК",{"$nulls":7},"лук","кг",{"$f":"(H28+H33+H53)/1000","v":{"v":0.6257999999999999,"d":"0.63"}},null,{"v":-0.6257999999999999,"d":"-0.63"}]
["Молоко кипяченое",null,158,189,{"$f":"C45*E4","v":1580},{"$f":"D45*F4","v":1890},null,{"$f":"E45+F45","v":3470},"морковь","кг",{"$f":"(H29+H38+H54)/1000","v":{"v":0.7943,"d":"0.79"}},null,{"v":-0.7943,"d":"-0.79"}]
["Фрикадельки рыбные отварные ","фарш (минтай)",47.25,63,{"$f":"C46*E4","v":472.5},{"$f":"D46*F4","v":630},null,{"$f":"E46+F46","v":1102.5},"свекла","кг",null,null,{"v":0,"d":"0.00"}]
[null,"рыба (минтай)",61.2,81.6,{"$f":"C47*E4","v":612},{"$f":"D47*F4","v":816},null,{"$f":"E47+F47","v":1428},"апельсины","кг",{"$f":"H40/1000","v":3.35},null,-3.35]
[null,"хлеб пшеничный ",9,12,{"$f":"C48*E4","v":90},{"$f":"D48*F4","v":120},null,210,"яблоки","кг",{"$f":"H24/1000","v":{"v":2,"d":"2.00"}},null,{"v":-2,"d":"-2.00"}]
[null,"яйцо",7.2,9.6,{"$f":"C49*E4","v":72},{"$f":"D49*F4","v":96},null,168,"вишня с/м","кг",{"$f":"H41/1000","v":0.33},null,-0.33]
[null,"соль",0.1,0.12,{"$f":"C50*E4","v":1},{"$f":"D50*F4","v":1.2},null,2.2,"мармелад","л",null,null,{"v":0,"d":"0.00"}]
[null,"масло сливочное",2,3,{"$f":"C51*E4","v":20},{"$f":"D51*F4","v":30},null,50,"кисель","кг",null,null,{"v":0,"d":"0.00"}]
["картофель тушеный","картофель",146.3,173,{"$f":"C52*E4","v":1463},{"$f":"D52*F4","v":1730},null,3193,"сухофрукты","кг",null,null,{"v":0,"d":"0.00"}]
[null,"лук",7.2,8.4,{"$f":"C53*E4","v":72},{"$f":"D53*F4","v":84},null,156,"изюм","кг",null,null,{"v":0,"d":"0.00"}]
[null,"морковь",10.63,12.5,{"$f":"C54*E4","v":106.30000000000001},{"$f":"D54*F4","v":125},null,231.3,"урюк","кг",null,null,{"v":0,"d":"0.00"}]
[null,"масло  раст.",4.5,5,{"$f":"C55*E4","v":45},{"$f":"D55*F4","v":50},null,95,"сухари панировочные","кг",null,null,{"v":0,"d":"0.00"}]
[null,"соль",0.34,0.4,{"$f":"C56*E4","v":3.4000000000000004},{"$f":"D56*F4","v":4},null,{"$f":"E56+F56","v":7.4},"батон нарезной","кг",{"$f":"H19/1000","v":0.55},null,-0.55]
["соус ","сметана",5,6.25,{"$f":"C57*E4","v":50},{"$f":"D57*F4","v":62.5},null,{"$f":"E57+F57","v":112.5},"хлеб пшеничный","кг",{"$f":"(H48+H64)/1000","v":0.76},null,-0.76]
[null,"мука",1.5,1.88,{"$f":"C58*E4","v":15},{"$f":"D58*F4","v":18.799999999999997},null,{"$f":"E58+F58","v":33.8},"хлеб ржаной","кг",{"$f":"H43/1000","v":1.25},null,-1.25]
[null,"вода",15,18.75,{"$f":"C59*E4","v":150},{"$f":"D59*F4","v":187.5},null,{"$f":"E59+F59","v":337.5},"кукуруза консерв.","кг",null,null,{"v":0,"d":"0.00"}]
[null,"соль",0.16,0.2,{"$f":"C60*E4","v":1.6},{"$f":"D60*F4","v":2},null,3.6,"сок 0,200","шт",{"$f":"E22/200","v":10},null,{"v":-10,"d":"-10.00"}]
["Чай с мармеладом","чай",0.45,0.45,{"$f":"C61*E4","v":4.5},{"$f":"D61*F4","v":4.5},null,{"$f":"E61+F61","v":9},"икра кабачковая ","кг",null,null,{"v":0,"d":"0.00"}]
[null,"вода",160,160,{"$f":"C62*E4","v":1600},{"$f":"D62*F4","v":1600},null,{"$f":"E62+F62","v":3200},"мармелад","кг",{"$f":"H63/1000","v":0.27},null,{"$f":"L62-K62","v":-0.27}]
[null,"мармелад",13.5,13.5,{"$f":"C63*E4","v":135},{"$f":"D63*F4","v":135},null,{"$f":"E63+F63","v":270},"капуста цветная","кг",null,null,{"$f":"L63-K63","v":{"v":0,"d":"0.00"}}]
["хлеб пшеничный",null,25,30,{"$f":"C64*E4","v":250},{"$f":"D64*F4","v":300},null,{"$f":"E64+F64","v":550}]

{"sheet":"4 день","index":3,"n_rows":75,"n_cols":14,"rows_kept":75,"merged":[[0,0,1,1],[0,2,1,3],[0,4,1,5],[0,6,1,6],[0,7,1,7],[3,0,3,3],[4,0,4,7],[5,0,5,7],[6,0,6,1],[6,6,11,6],[7,0,7,1],[8,0,8,1],[9,0,9,1],[10,0,10,1],[11,0,11,1],[12,0,12,7],[13,0,13,1],[13,6,16,6],[14,0,14,1],[15,0,15,1],[16,0,16,1],[17,0,17,7],[18,0,18,1],[18,6,20,6],[19,0,19,1],[20,0,20,1],[21,0,21,7],[22,0,22,1],[23,0,23,7],[24,0,24,7],[25,0,25,1],[25,6,27,6],[26,0,26,1],[27,0,27,1],[28,0,28,7],[29,0,29,1],[30,0,30,1],[31,0,31,1],[32,0,32,1],[33,0,33,1],[34,0,34,1],[35,0,35,1],[36,0,36,7],[37,0,37,1],[37,6,46,6],[38,0,41,0],[42,0,46,0],[47,0,49,0],[47,6,49,6],[50,0,50,1],[51,0,51,1],[52,0,52,7],[53,0,53,1],[53,6,54,6],[54,0,54,1],[55,0,55,7],[56,0,64,0],[56,6,64,6],[65,0,65,7],[66,0,66,1],[66,6,70,6],[67,0,67,1],[68,0,68,1],[69,0,69,1],[70,0,70,1],[71,0,73,0],[71,6,73,6],[74,0,74,1]]}
["меню на 4 день",null,"ГРАММ НА 1 РЕБЕНКА",null,"КОЛ-ВО ДЕТЕЙ",null,"Сотрудники","ИТОГО","продукты к выдаче","ед.изм","ИТОГО на день","Выдано","Перерасход (экономия)"]
[{"$nulls":8},"мясо (котлетное)","кг",null,null,{"$f":"L2-K2","v":{"v":0,"d":"0.00"}},{"$f":"B3","v":"00:00:00"}]
["Дата",null,"ЯСЛИ","САД","ЯСЛИ","САД",10,"первое","фарш готовый","кг",null,null,{"$f":"L3-K3","v":{"v":0,"d":"0.00"}}]
[{"$nulls":4},10,10,null,"второе","мясо (говядина)","кг",null,null,{"v":0,"d":"0.00"}]
["ЗАВТРАК",{"$nulls":7},"птица","кг",{"$f":"H38/1000","v":{"v":1.705,"d":"1.71"}},null,{"v":-1.705,"d":"-1.71"}]
["Каша ячневая молочная с маслом сливочным",{"$nulls":7},"минтай","кг",null,null,{"v":0,"d":"0.00"}]
["крупа ячневая",null,17.5,22.5,{"$f":"C7*E4","v":175},{"$f":"D7*F4","v":225},null,{"$f":"E7+F7","v":400},"масло слив","кг",{"$f":"(H12+H21+H61+H68)/1000","v":{"v":0.244,"d":"0.24"}},null,{"v":-0.244,"d":"-0.24"}]
["молоко",null,70,90,{"$f":"C8*E4","v":700},{"$f":"D8*F4","v":900},null,1600,"масло раст","л",{"$f":"(H28+H34+H47+H65)/1000","v":{"v":0.207,"d":"0.21"}},null,{"v":-0.207,"d":"-0.21"}]
["вода",null,53,68,{"$f":"C9*E4","v":530},{"$f":"D9*F4","v":680},null,{"$f":"E9+F9","v":1210},"молоко","л",{"$f":"(H8+H16+H59+H70)/1000","v":4.74},null,-4.74]
["сахар",null,2,2.5,{"$f":"C10*E4","v":20},{"$f":"D10*F4","v":25},null,{"$f":"E10+F10","v":45},"молоко сгущ ","л",null,null,{"v":0,"d":"0.00"}]
["соль",null,0.4,0.5,{"$f":"C11*E4","v":4},{"$f":"D11*F4","v":5},null,9,"кефир","шт. ",{"$f":"H54/450","v":{"v":7.555555555555555,"d":"8"}},null,{"v":-7.555555555555555,"d":"-7.56"}]
["масло сл.",null,3,3,{"$f":"C12*E4","v":30},{"$f":"D12*F4","v":30},null,60,"ряженка","шт. ",null,null,{"v":0,"d":"0.00"}]
["кофейный напиток",{"$nulls":7},"катык","шт. ",null,null,{"v":0,"d":"0.00"}]
["кофейный напиток",null,2.5,2.5,{"$f":"C14*E4","v":25},{"$f":"D14*F4","v":25},null,{"$f":"E14+F14","v":50},"напиток ацидофильный","шт. ",null,null,{"v":0,"d":"0.00"}]
["сахар",null,6,6,{"$f":"C15*E4","v":60},{"$f":"D15*F4","v":60},null,{"$f":"E15+F15","v":120},"сметана","л",{"$f":"H40/1000","v":{"v":0.1,"d":"0.10"}},null,{"v":-0.1,"d":"-0.10"}]
["молоко",null,90,90,{"$f":"C16*E4","v":900},{"$f":"D16*F4","v":900},null,{"$f":"E16+F16","v":1800},"творог","шт. ",null,null,{"v":0,"d":"0.00"}]
["вода",null,108,108,{"$f":"C17*E4","v":1080},{"$f":"D17*F4","v":1080},null,{"$f":"E17+F17","v":2160},"сыр","кг",{"$f":"H71/1000","v":{"v":0.2856,"d":"0.29"}},null,{"v":-0.2856,"d":"-0.29"}]
["бутерброд с маслом слив, с повидлом",{"$nulls":7},"яйцо","шт",{"$f":"(H62+H64+H67)/48","v":{"v":48.050000000000004,"d":"48"}},null,{"v":-48.050000000000004,"d":"-48"}]
["батон нарезной",null,25,30,{"$f":"C19*E4","v":250},{"$f":"D19*F4","v":300},null,{"$f":"E19+F19","v":550},"мука пшен","кг",{"$f":"(H41+H57)/1000","v":0.65},null,-0.65]
["повидло",null,10,10,{"$f":"C20*E4","v":100},{"$f":"D20*F4","v":100},null,{"$f":"E20+F20","v":200},"гречка","кг",null,null,{"v":0,"d":"0.00"}]
["масло сливочное",null,5,5,{"$f":"C21*E4","v":50},{"$f":"D21*F4","v":50},null,{"$f":"E21+F21","v":100},"манка","кг",null,null,{"v":0,"d":"0.00"}]
["2-ОЙ ЗАВТРАК",{"$nulls":7},"пшено","кг",null,null,{"v":0,"d":"0.00"}]
["Фрукты свежие",null,150,150,{"$f":"C23*E4","v":1500},{"$f":"D23*F4","v":1500},null,{"$f":"E23+F23","v":3000},"ячневая","кг",{"$f":"H7/1000","v":{"v":0.4,"d":"0.40"}},null,{"v":-0.4,"d":"-0.40"}]
["ОБЕД",{"$nulls":7},"горох","кг",{"$f":"H30/1000","v":{"v":0.4455,"d":"0.45"}},null,{"v":-0.4455,"d":"-0.45"}]
["Салат из свеклы отварной с яблоками",{"$nulls":7},"кукурузная крупа","кг",null,null,{"$f":"L25-K25","v":{"v":0,"d":"0.00"}}]
["свекла",null,42.24,64,{"$f":"C26*E4","v":422.40000000000003},{"$f":"D26*F4","v":640},null,{"$f":"E26+F26","v":1062.4},"сахар песок","кг",{"$f":"(H10+H15+H50+H55+H63+H73)/1000","v":{"v":0.513,"d":"0.51"}},null,{"v":-0.513,"d":"-0.51"}]
["яблоки",null,7.98,11.4,{"$f":"C27*E4","v":79.80000000000001},{"$f":"D27*F4","v":114},null,{"$f":"E27+F27","v":193.8},"макароны","кг",null,null,{"v":0,"d":"0.00"}]
["масло раст.",null,2,3,{"$f":"C28*E4","v":20},{"$f":"D28*F4","v":30},null,{"$f":"E28+F28","v":50},"печенье","кг",null,null,{"v":0,"d":"0.00"}]
["Суп картофельный с горохом на курином бульоне",{"$nulls":7},"вафли","кг",null,null,{"v":0,"d":"0.00"}]
["горох",null,12.15,16.2,{"$f":"C30*E4","v":121.5},{"$f":"D30*F4","v":162},{"$f":"D30*G3","v":162},{"$f":"E30+F30+G30","v":445.5},"какао","кг",null,null,{"v":0,"d":"0.000"}]
["картофель",null,40.05,53.2,{"$f":"C31*E4","v":400.5},{"$f":"D31*F4","v":532},{"$f":"D31*G3","v":532},{"$f":"E31+F31+G31","v":1464.5},"кофе","кг",{"$f":"H14/1000","v":{"v":0.05,"d":"0.050"}},null,{"v":-0.05,"d":"-0.050"}]
["морковь",null,9.6,12.8,{"$f":"C32*E4","v":96},{"$f":"D32*F4","v":128},{"$f":"D32*G3","v":128},352,"заварка","кг",{"$f":"H72/1000","v":{"v":0.0085,"d":"0.009"}},null,{"v":-0.0085,"d":"-0.009"}]
["лук",null,7.2,9.6,{"$f":"C33*E4","v":72},{"$f":"D33*F4","v":96},{"$f":"D33*G3","v":96},264,"лимонная кислота","кг",null,null,{"v":0,"d":"0.000"}]
["масло раст.",null,3,4,{"$f":"C34*E4","v":30},{"$f":"D34*F4","v":40},{"$f":"D34*G3","v":40},110,"дрожжи","кг",{"$f":"H58/1000","v":0.005},null,-0.005]
["соль",null,0.15,0.2,{"$f":"C35*E4","v":1.5},{"$f":"D35*F4","v":2},{"$f":"D35*G3","v":2},5.5,"шиповник","кг",null,null,{"v":0,"d":"0.00"}]
["бульон",null,105,140,{"$f":"C36*E4","v":1050},{"$f":"D36*F4","v":1400},{"$f":"D36*G3","v":1400},3850,"сок","л",null,null,{"v":0,"d":"0.00"}]
["Птица, тушеная в соусе с овощами",{"$nulls":7},"соль","кг",{"$f":"(H11+H35+H42+H46+H60+H69)/1000","v":{"v":0.045700000000000005,"d":"0.05"}},null,{"v":-0.045700000000000005,"d":"-0.05"}]
["курица",null,73,97.5,{"$f":"C38*E4","v":730},{"$f":"D38*F4","v":975},null,{"$f":"E38+F38+G38","v":1705},"картофель","кг",{"$f":"(H31+H43)/1000","v":{"v":3.7065,"d":"3.71"}},null,{"v":-3.7065,"d":"-3.71"}]
["соус","вода",15,15,{"$f":"C39*E4","v":150},{"$f":"D39*F4","v":150},null,300,"томат паста","л",null,null,{"v":0,"d":"0.00"}]
[null,"сметана",5,5,{"$f":"C40*E4","v":50},{"$f":"D40*F4","v":50},null,100,"огурцы свежие","л",null,null,{"v":0,"d":"0.00"}]
[null,"мука",1.5,1.5,{"$f":"C41*E4","v":15},{"$f":"D41*F4","v":15},null,30,"зеленый горошек","кг",null,null,{"v":0,"d":"0.00"}]
[null,"соль",0.16,0.16,{"$f":"C42*E4","v":1.6},{"$f":"D42*F4","v":1.6},null,3.2,"капуста","кг",null,null,{"v":0,"d":"0.00"}]
["овощи","картофель",87.2,137,{"$f":"C43*E4","v":872},{"$f":"D43*F4","v":1370},null,2242,"лук","кг",{"$f":"(H33+H45)/1000","v":0.72},null,-0.72]
[null,"морковь",32,37.5,{"$f":"C44*E4","v":320},{"$f":"D44*F4","v":375},null,695,"морковь","кг",{"$f":"(H32+H44)/1000","v":{"v":1.047,"d":"1.05"}},null,{"v":-1.047,"d":"-1.05"}]
[null,"лук",17.6,28,{"$f":"C45*E4","v":176},{"$f":"D45*F4","v":280},null,456,"свекла","кг",{"$f":"H26/1000","v":{"v":1.0624,"d":"1.06"}},null,{"v":-1.0624,"d":"-1.06"}]
[null,"соль",0.6,0.8,{"$f":"C46*E4","v":6},{"$f":"D46*F4","v":8},null,14,"фрукты","кг",{"$f":"H23/1000","v":{"v":3,"d":"3.00"}},null,{"v":-3,"d":"-3.00"}]
[null,"масло раст.",1.2,1.5,{"$f":"C47*E4","v":12},{"$f":"D47*F4","v":15},null,27,"яблоки","кг",{"$f":"H27/1000","v":{"v":0.1938,"d":"0.19"}},null,{"v":-0.1938,"d":"-0.19"}]
["Напиток из сухофруктов","сухофрукты",12.75,15.3,{"$f":"C48*E4","v":127.5},{"$f":"D48*F4","v":153},null,{"$f":"E48+F48","v":280.5},"лимон","кг",null,null,{"v":0,"d":"0.00"}]
[null,"вода",152,183,{"$f":"C49*E4","v":1520},{"$f":"D49*F4","v":1830},null,{"$f":"E49+F49","v":3350},"повидло","л",{"$f":"H20/1000","v":{"v":0.2,"d":"0.20"}},null,{"v":-0.2,"d":"-0.20"}]
[null,"сахар",5,6,{"$f":"C50*E4","v":50},{"$f":"D50*F4","v":60},null,{"$f":"E50+F50","v":110},"кисель","кг",null,null,{"v":0,"d":"0.00"}]
["хлеб пшеничный",null,0,25,{"$f":"C51*E4","v":0},{"$f":"D51*F4","v":250},null,{"$f":"E51+F51","v":250},"сухофрукты","кг",{"$f":"H48/1000","v":{"v":0.2805,"d":"0.28"}},null,{"v":-0.2805,"d":"-0.28"}]
["хлеб ржаной",null,35,45,{"$f":"C52*E4","v":350},{"$f":"D52*F4","v":450},{"$f":"(G3+G4)*D52","v":450},{"$f":"E52+F52+G52","v":1250},"сухари панировочные","кг",null,null,{"$f":"L52-K52","v":{"v":0,"d":"0.00"}}]
["УПЛОТНЕННЫЙ ПОЛДНИК",{"$nulls":7},"батон нарезной","кг",{"$f":"H19/1000","v":0.55},null,-0.55]
["Кефир",null,155,185,{"$f":"C54*E4","v":1550},{"$f":"D54*F4","v":1850},null,{"$f":"E54+F54","v":3400},"хлеб пшеничный","кг",{"$f":"(H51+H75)/1000","v":{"v":0.8,"d":"0.80"}},null,{"v":-0.8,"d":"-0.80"}]
["сахар",null,2,3,{"$f":"C55*E4","v":20},{"$f":"D55*F4","v":30},null,{"$f":"E55+F55","v":50},"хлеб ржаной","кг",{"$f":"H52/1000","v":1.25},null,-1.25]
["Булочка с сахаром",{"$nulls":7},"капуста морская","кг",null,null,{"v":0,"d":"0.00"}]
["тесто","мука",31,31,{"$f":"C57*E4","v":310},{"$f":"D57*F4","v":310},null,{"$f":"E57+F57","v":620},"сок 0,125","шт",null,null,{"v":0,"d":"0.00"}]
[null,"дрожжи",0.25,0.25,{"$f":"C58*E4","v":2.5},{"$f":"D58*F4","v":2.5},null,5,"курага","кг",null,null,0]
[null,"молоко",13,13,{"$f":"C59*E4","v":130},{"$f":"D59*F4","v":130},null,260,"лапша","кг",null,null,{"v":0,"d":"0.00"}]
[null,"соль",0.35,0.35,{"$f":"C60*E4","v":3.5},{"$f":"D60*F4","v":3.5},null,7]
[null,"масло сливочное",1.4,1.4,{"$f":"C61*E4","v":14},{"$f":"D61*F4","v":14},null,28]
[null,"яйцо ",2.88,2.88,{"$f":"C62*E4","v":28.799999999999997},{"$f":"D62*F4","v":28.799999999999997},null,{"$f":"E62+F62","v":57.599999999999994}]
[null,"сахар",3.9,3.9,{"$f":"C63*E4","v":39},{"$f":"D63*F4","v":39},null,78]
[null,"яйцо (на смазку изделия)",1.44,1.44,{"$f":"C64*E4","v":14.399999999999999},{"$f":"D64*F4","v":14.399999999999999},null,{"$f":"E64+F64","v":28.799999999999997}]
[null,"масло раст. для смазки",1,1,{"$f":"C65*E4","v":10},{"$f":"D65*F4","v":10},null,20]
["Омлет с сыром"]
["яйцо ",null,102,120,{"$f":"C67*E4","v":1020},{"$f":"D67*F4","v":1200},null,2220]
["масло сливочное",null,2.6,3,{"$f":"C68*E4","v":26},{"$f":"D68*F4","v":30},null,56]
["соль",null,0.3,0.4,{"$f":"C69*E4","v":3},{"$f":"D69*F4","v":4},null,7]
["молоко",null,51,57,{"$f":"C70*E4","v":510},{"$f":"D70*F4","v":570},null,1080]
["сыр",null,13.26,15.3,{"$f":"C71*E4","v":132.6},{"$f":"D71*F4","v":153},null,{"$f":"E71+F71","v":285.6}]
["Чай с сахаром","чай весовой",0.4,0.45,{"$f":"C72*E4","v":4},{"$f":"D72*F4","v":4.5},null,{"$f":"E72+F72","v":8.5}]
[null,"сахар",5,6,{"$f":"C73*E4","v":50},{"$f":"D73*F4","v":60},null,110]
[null,"вода",150,180,{"$f":"C74*E4","v":1500},{"$f":"D74*F4","v":1800},null,{"$f":"E74+F74","v":3300}]
["хлеб пшеничный",null,25,30,{"$f":"C75*E4","v":250},{"$f":"D75*F4","v":300},null,550]

{"sheet":"5 день","index":4,"n_rows":67,"n_cols":14,"rows_kept":67,"merged":[[0,0,1,1],[0,2,1,3],[0,4,1,5],[0,6,1,6],[0,7,1,7],[3,0,3,3],[4,0,4,7],[5,0,5,7],[6,0,6,1],[6,6,11,6],[7,0,7,1],[8,0,8,1],[9,0,9,1],[10,0,10,1],[11,0,11,1],[12,0,12,7],[13,0,13,1],[13,6,16,6],[14,0,14,1],[15,0,15,1],[16,0,16,1],[17,0,17,7],[18,0,18,1],[18,6,20,6],[19,0,19,1],[20,0,20,1],[21,0,21,7],[22,0,22,1],[23,0,23,7],[24,0,24,1],[25,0,32,0],[33,0,33,7],[34,0,34,1],[34,6,41,6],[35,0,35,1],[36,0,36,1],[37,0,37,1],[38,0,38,1],[39,0,39,1],[40,0,40,1],[41,0,41,1],[42,0,42,7],[43,0,43,1],[43,6,45,6],[44,0,44,1],[45,0,45,1],[46,0,48,0],[46,6,48,6],[49,0,49,1],[50,0,50,7],[51,0,51,1],[52,0,59,0],[52,6,62,6],[60,0,62,0],[63,0,65,0],[63,6,65,6],[66,0,66,1],[67,0,67,7],[68,0,68,1],[68,6,74,6],[69,0,69,1],[70,0,70,1],[71,0,71,1],[72,0,72,1],[73,0,73,1],[74,0,74,1]]}
["меню на 5 день",null,"ГРАММ НА 1 РЕБЕНКА",null,"КОЛ-ВО ДЕТЕЙ ",null,"Сотрудники","ИТОГО","продукты к выдаче","ед.изм","ИТОГО на день","Выдано","Перерасход (экономия)"]
[{"$nulls":8},"говядина (лопатка)","кг",{"$f":"H35/1000","v":1.12},null,{"$f":"L2-K2","v":-1.12},{"$f":"B3","v":"00:00:00"}]
["Дата",null,"ЯСЛИ","САД","ЯСЛИ","САД",10,"первое","фарш готовый","кг",null,null,{"$f":"L3-K3","v":{"v":0,"d":"0.00"}}]
[{"$nulls":4},10,10,null,"второе","фарш куриный","кг",{"$f":"H54/1000","v":{"v":0.7507999999999999,"d":"0.75"}},null,{"$f":"L4-K4","v":{"v":-0.7507999999999999,"d":"-0.75"}}]
["ЗАВТРАК",{"$nulls":7},"птица","кг",{"$f":"H53/1000","v":{"v":1.1011,"d":"1.10"}},null,{"$f":"L5-K5","v":{"v":-1.1011,"d":"-1.10"}}]
["Суп молочный с вермишелью",{"$nulls":7},"фарш минтая","кг",null,null,{"$f":"L6-K6","v":{"v":0,"d":"0.00"}}]
["вермишель",null,14.4,16,{"$f":"C7*E4","v":144},{"$f":"D7*F4","v":160},null,{"$f":"E7+F7","v":304},"минтай","кг",null,null,{"v":0,"d":"0.00"}]
["молоко",null,126,140,{"$f":"C8*E4","v":1260},{"$f":"D8*F4","v":1400},null,2660,"масло слив","кг",{"$f":"(H12+H21+H46+H56++H75)/1000","v":{"v":0.257,"d":"0.26"}},null,{"v":-0.257,"d":"-0.26"}]
["вода",null,54,60,{"$f":"C9*E4","v":540},{"$f":"D9*F4","v":600},null,1140,"масло раст","л",{"$f":"(H30+H39+H60+H74)/1000","v":{"v":0.191,"d":"0.19"}},null,{"v":-0.191,"d":"-0.19"}]
["Сахар",null,1,1.1,{"$f":"C10*E4","v":10},{"$f":"D10*F4","v":11},null,21,"молоко","л",{"$f":"(H8+H16+H52)/1000","v":8.13},null,-8.13]
["соль",null,0.7,0.8,{"$f":"C11*E4","v":7},{"$f":"D11*F4","v":8},null,15,"молоко сгущ ","л",null,null,{"v":0,"d":"0.00"}]
["масло сливочное",null,1.8,2,{"$f":"C12*E4","v":18},{"$f":"D12*F4","v":20},null,38,"кефир","шт. ",null,null,0]
["какао с молоком",{"$nulls":7},"ряженка","шт. ",null,null,{"v":0,"d":"0.00"}]
["какао",null,1.7,2,{"$f":"C14*E4","v":17},{"$f":"D14*F4","v":20},null,{"$f":"E14+F14","v":37},"катык","шт. ",null,null,{"v":0,"d":"0.00"}]
["сахар",null,5,6,{"$f":"C15*E4","v":50},{"$f":"D15*F4","v":60},null,{"$f":"E15+F15","v":110},"напиток ацидофильный","шт. ",null,null,{"v":0,"d":"0.00"}]
["молоко",null,90,110,{"$f":"C16*E4","v":900},{"$f":"D16*F4","v":1100},null,{"$f":"E16+F16","v":2000},"сметана","л",{"$f":"(H33+H61)/1000","v":{"v":0.315,"d":"0.32"}},null,{"v":-0.315,"d":"-0.32"}]
["вода",null,67,80,{"$f":"C17*E4","v":670},{"$f":"D17*F4","v":800},null,{"$f":"E17+F17","v":1470},"сыр","кг",{"$f":"H20/1000","v":{"v":0.204,"d":"0.20"}},null,{"v":-0.204,"d":"-0.20"}]
["бутерброд с сыром, маслом слив.",{"$nulls":7},"яйцо","шт. ",{"$f":"H70/48","v":0},null,0]
["батон нарезной",null,25,30,{"$f":"C19*E4","v":250},{"$f":"D19*F4","v":300},null,{"$f":"E19+F19","v":550},"мука пшен","кг",{"$f":"(H42++H62+H69)/1000","v":{"v":0.068,"d":"0.07"}},null,{"v":-0.068,"d":"-0.07"}]
["сыр",null,10.2,10.2,{"$f":"C20*E4","v":102},{"$f":"D20*F4","v":102},null,{"$f":"E20+F20","v":204},"гречка","кг",null,null,{"v":0,"d":"0.00"}]
["масло сливочное",null,5,5,{"$f":"C21*E4","v":50},{"$f":"D21*F4","v":50},null,{"$f":"E21+F21","v":100},"рис","кг",{"$f":"H44/1000","v":{"v":0.857,"d":"0.86"}},null,{"v":-0.857,"d":"-0.86"}]
["2-ОЙ ЗАВТРАК",{"$nulls":7},"пшено","кг",null,null,{"v":0,"d":"0.00"}]
["Сок в ассортименте",null,200,180,{"$f":"C23*E4","v":2000},{"$f":"D23*F4","v":1800},null,{"$f":"E23+F23","v":3800},"перловка","кг",null,null,{"v":0,"d":"0.00"}]
["ОБЕД",{"$nulls":7},"вермишель","кг",{"$f":"H7/1000","v":{"v":0.304,"d":"0.30"}},null,{"v":-0.304,"d":"-0.30"}]
["Икра кабачковая",null,30.6,51,{"$f":"C25*E4","v":306},{"$f":"D25*F4","v":510},null,{"$f":"E25+F25","v":816},"горох","кг",null,null,{"$f":"L25-K25","v":{"v":0,"d":"0.00"}}]
["Суп из овощей на мясном бульоне со сметаной","капуста свежая",23.75,31.25,{"$f":"C26*E4","v":237.5},{"$f":"D26*F4","v":312.5},{"$f":"D26*G3","v":312.5},{"$f":"E26+F26+G26","v":862.5},"пшеничная","кг",null,null,{"v":0,"d":"0.00"}]
[null,"картофель",57.19,77.14,{"$f":"C27*E4","v":571.9},{"$f":"D27*F4","v":771.4},{"$f":"D27*G3","v":771.4},{"$f":"E27+F27+G27","v":2114.7},"полба","кг",null,null,{"v":0,"d":"0.00"}]
[null,"морковь",9.4,12.5,{"$f":"C28*E4","v":94},{"$f":"D28*F4","v":125},{"$f":"D28*G3","v":125},344,"сахар песок","кг",{"$f":"(H10+H15+H49+H65+H72)/1000","v":{"v":0.351,"d":"0.35"}},null,{"v":-0.351,"d":"-0.35"}]
[null,"лук",9.6,12,{"$f":"C29*E4","v":96},{"$f":"D29*F4","v":120},{"$f":"D29*G3","v":120},336,"макароны","кг",null,null,{"v":0,"d":"0.00"}]
[null,"масло раст.",3,4,{"$f":"C30*E4","v":30},{"$f":"D30*F4","v":40},{"$f":"D30*G3","v":40},110,"печенье","кг",null,null,{"v":0,"d":"0.00"}]
[null,"соль",0.5,0.8,{"$f":"C31*E4","v":5},{"$f":"D31*F4","v":8},{"$f":"D31*G3","v":8},21,"какао","кг",{"$f":"H14/1000","v":0.037},null,-0.037]
[null,"бульон",112.5,130,{"$f":"C32*E4","v":1125},{"$f":"D32*F4","v":1300},{"$f":"D32*G3","v":1300},{"$f":"E32+F32+G32","v":3725},"кофе","кг",null,null,{"v":0,"d":"0.000"}]
[null,"сметана",5,7,{"$f":"C33*E4","v":50},{"$f":"D33*F4","v":70},{"$f":"D33*G3","v":70},{"$f":"E33+F33+G33","v":190},"заварка","кг",{"$f":"H64/1000","v":0.017},null,-0.017]
["Гуляш из отварной говядины",{"$nulls":7},"дрожжи","кг",null,null,{"v":0,"d":"0.000"}]
["говядина (лопатка)",null,48,64,{"$f":"C35*E4","v":480},{"$f":"D35*F4","v":640},null,1120,"сок","л",{"$f":"F23/1000","v":1.8},null,{"v":-1.8,"d":"-1.80"}]
["морковь",null,13.13,17.5,{"$f":"C36*E4","v":131.3},{"$f":"D36*F4","v":175},null,306.3,"соль","кг",{"$f":"(H11+H31+H38+H45+H58+H73)/1000","v":{"v":0.065,"d":"0.07"}},null,{"v":-0.065,"d":"-0.07"}]
["лук",null,6.36,8.5,{"$f":"C37*E4","v":63.6},{"$f":"D37*F4","v":85},null,148.6,"картофель","кг",{"$f":"(H27+H55)/1000","v":{"v":5.6777,"d":"5.68"}},null,{"v":-5.6777,"d":"-5.68"}]
["соль",null,0.3,0.4,{"$f":"C38*E4","v":3},{"$f":"D38*F4","v":4},null,7,"томат паста","л",{"$f":"H40/1000","v":{"v":0.021,"d":"0.02"}},null,{"v":-0.021,"d":"-0.02"}]
["масло растительное",null,2,2.7,{"$f":"C39*E4","v":20},{"$f":"D39*F4","v":27},null,{"$f":"E39+F39","v":47},"сол.огурцы","л",null,null,{"v":0,"d":"0.00"}]
["томатная паста",null,0.9,1.2,{"$f":"C40*E4","v":9},{"$f":"D40*F4","v":12},null,21,"капуста св","кг",{"$f":"H26/1000","v":{"v":0.8625,"d":"0.86"}},null,{"v":-0.8625,"d":"-0.86"}]
["вода",null,22.5,30,{"$f":"C41*E4","v":225},{"$f":"D41*F4","v":300},null,525,"капуста цветная с/м","кг",null,null,{"v":0,"d":"0.00"}]
["мука пшеничная",null,1.5,2,{"$f":"C42*E4","v":15},{"$f":"D42*F4","v":20},null,35,"лук","кг",{"$f":"(H29+H37+H57)/1000","v":{"v":0.7198,"d":"0.72"}},null,{"v":-0.7198,"d":"-0.72"}]
["Рис отварной с маслом сливочным",{"$nulls":7},"морковь","кг",{"$f":"(H28+H36)/1000","v":{"v":0.6503,"d":"0.65"}},null,{"v":-0.6503,"d":"-0.65"}]
["рис",null,39.3,46.4,{"$f":"C44*E4","v":393},{"$f":"D44*F4","v":464},null,{"$f":"E44+F44","v":857},"фрукты","кг",null,null,{"v":0,"d":"0.00"}]
["соль",null,0.5,0.6,{"$f":"C45*E4","v":5},{"$f":"D45*F4","v":6},null,{"$f":"E45+F45","v":11},"яблоки","кг",{"$f":"H47/1000","v":{"v":0.5932000000000001,"d":"0.59"}},null,{"v":-0.5932000000000001,"d":"-0.59"}]
["масло сливочное",null,1.5,1.8,{"$f":"C46*E4","v":15},{"$f":"D46*F4","v":18},null,{"$f":"E46+F46","v":33},"лимон","кг",{"$f":"H66/1000","v":{"v":0.1355,"d":"0.14"}},null,{"v":-0.1355,"d":"-0.14"}]
["Напиток из яблок","яблоки",27.4,31.92,{"$f":"C47*E4","v":274},{"$f":"D47*F4","v":319.20000000000005},null,{"$f":"E47+F47","v":593.2},"кисель","кг",null,null,{"v":0,"d":"0.00"}]
[null,"вода",152,183,{"$f":"E4","v":10},{"$f":"D48*F4","v":1830},null,{"$f":"E48+F48","v":1840},"сухофрукты","кг",null,null,{"v":0,"d":"0.00"}]
[null,"сахар",5,6,{"$f":"C49*E4","v":50},{"$f":"D49*F4","v":60},null,{"$f":"E49+F49","v":110},"изюм","кг",null,null,{"v":0,"d":"0.00"}]
["хлеб ржаной",null,40,45,{"$f":"C50*E4","v":400},{"$f":"D50*F4","v":450},{"$f":"(G3+G4)*D50","v":450},{"$f":"E50+F50+G50","v":1300},"сухари панировочные","кг",{"$f":"H59/1000","v":{"v":0.056,"d":"0.06"}},null,{"$f":"L50-K50","v":{"v":-0.056,"d":"-0.06"}}]
["УПЛОТНЕННЫЙ ПОЛДНИК",{"$nulls":7},"батон нарезной","кг",{"$f":"H19/1000","v":0.55},null,-0.55]
["Молоко кипяченое",null,158,189,{"$f":"C52*E4","v":1580},{"$f":"D52*F4","v":1890},null,{"$f":"E52+F52","v":3470},"хлеб пшеничный","кг",{"$f":"H67/1000","v":{"v":0.5,"d":"0.50"}},null,{"v":-0.5,"d":"-0.50"}]
["Запеканка картофельная с мясом птицы ","цыплята-бройлеры",52.36,57.75,{"$f":"C53*E4","v":523.6},{"$f":"D53*F4","v":577.5},null,{"$f":"E53+F53","v":1101.1},"хлеб ржаной","кг",{"$f":"H50/1000","v":{"v":1.3,"d":"1.30"}},null,{"v":-1.3,"d":"-1.30"}]
[null,"фарш куриный",35.7,39.38,{"$f":"C54*E4","v":357},{"$f":"D54*F4","v":393.8},null,{"$f":"E54+F54","v":750.8},"капуста морская","кг",null,null,{"v":0,"d":"0.00"}]
[null,"картофель",165.6,190.7,{"$f":"C55*E4","v":1656},{"$f":"D55*F4","v":1907},null,3563,"кукуруза консерв","кг",null,null,{"v":0,"d":"0.00"}]
[null,"масло сливочное",4,4.6,{"$f":"C56*E4","v":40},{"$f":"D56*F4","v":46},null,86,"сок 0,2","шт",{"$f":"E23/200","v":10},null,-10]
[null,"лук",10.8,12.72,{"$f":"C57*E4","v":108},{"$f":"D57*F4","v":127.2},null,235.2,"икра кабачковая ","кг",{"$f":"H25/1000","v":{"v":0.816,"d":"0.82"}},null,{"v":-0.816,"d":"-0.82"}]
[null,"соль",0.5,0.6,{"$f":"C58*E4","v":5},{"$f":"D58*F4","v":6},null,11,"курага","кг",null,null,{"v":0,"d":"0.00"}]
[null,"сухари панировоч.",2.4,3.2,{"$f":"C59*E4","v":24},{"$f":"D59*F4","v":32},null,56]
[null,"масло раст.",1.6,1.8,{"$f":"C60*E4","v":16},{"$f":"D60*F4","v":18},null,34]
["Сметанный соус","сметана",5,7.5,{"$f":"C61*E4","v":50},{"$f":"D61*F4","v":75},null,{"$f":"E61+F61","v":125}]
[null,"мука пшеничная",1.3,2,{"$f":"C62*E4","v":13},{"$f":"D62*F4","v":20},null,33]
[null,"вода",15,22.5,{"$f":"C63*E4","v":150},{"$f":"D63*F4","v":225},null,375]
["Чай с сахаром и лимоном","чай весовой",0.8,0.9,{"$f":"C64*E4","v":8},{"$f":"D64*F4","v":9},null,{"$f":"E64+F64","v":17}]
[null,"сахар",5,6,{"$f":"C65*E4","v":50},{"$f":"D65*F4","v":60},null,{"$f":"E65+F65","v":110}]
[null,"лимон",5.55,8,{"$f":"C66*E4","v":55.5},{"$f":"D66*F4","v":80},null,{"$f":"E66+F66","v":135.5}]
["хлеб пшеничный",null,20,30,{"$f":"C67*E4","v":200},{"$f":"D67*F4","v":300},null,{"$f":"E67+F67","v":500}]

{"sheet":"6 день","index":5,"n_rows":64,"n_cols":14,"rows_kept":64,"merged":[[0,0,1,1],[0,2,1,3],[0,4,1,5],[0,6,1,6],[0,7,1,7],[4,0,4,7],[5,0,5,7],[6,0,6,1],[6,6,11,6],[7,0,7,1],[8,0,8,1],[9,0,9,1],[10,0,10,1],[11,0,11,1],[12,0,12,7],[13,0,13,1],[13,6,16,6],[14,0,14,1],[15,0,15,1],[16,0,16,1],[17,0,17,7],[18,0,18,1],[18,6,19,6],[19,0,19,1],[20,0,20,7],[21,0,21,1],[22,0,22,7],[23,0,25,0],[26,0,26,7],[27,0,27,1],[28,0,28,1],[29,0,29,1],[30,0,30,1],[31,0,31,1],[32,0,32,1],[33,0,33,1],[34,0,34,1],[35,0,38,0],[39,0,39,1],[40,0,45,0],[40,6,45,6],[46,0,48,0],[46,6,48,6],[49,0,49,1],[50,0,50,7],[51,0,51,1],[51,6,52,6],[52,0,52,1],[53,0,53,7],[54,0,54,1],[54,6,60,6],[55,0,55,1],[56,0,56,1],[57,0,57,1],[58,0,58,1],[59,0,59,1],[60,0,60,1],[61,0,63,0],[61,6,63,6]]}
["меню на 6 день",null,"ГРАММ НА 1 РЕБЕНКА",null,"КОЛ-ВО ДЕТЕЙ ",null,"Сотрудники","ИТОГО","продукты к выдаче","ед.изм","ИТОГО на день","Выдано","Перерасход (экономия)"]
[{"$nulls":8},"индейка филе","кг",null,null,{"$f":"L2-K2","v":{"v":0,"d":"0.00"}},{"$f":"B3","v":"00:00:00"}]
["Дата",null,"ЯСЛИ","САД","ЯСЛИ","САД",10,"первое","птица","кг",{"$f":"(H35+H41)/1000","v":{"v":2.4816,"d":"2.48"}},null,{"v":-2.4816,"d":"-2.48"}]
[{"$nulls":4},10,10,null,"второе","фарш куриный","кг",{"$f":"H36/1000","v":{"v":0.47890000000000005,"d":"0.48"}},null,{"v":-0.47890000000000005,"d":"-0.48"}]
["ЗАВТРАК",{"$nulls":7},"минтай","кг",null,null,{"v":0,"d":"0.00"}]
["Каша пшенная молочная с маслом",{"$nulls":7},"масло слив","кг",{"$f":"(H12+H20+H44)/1000","v":{"v":0.264,"d":"0.26"}},null,{"v":-0.264,"d":"-0.26"}]
["пшено",null,17.7,22.5,{"$f":"C7*E4","v":177},{"$f":"D7*F4","v":225},null,{"$f":"E7+F7","v":402},"масло раст","л",{"$f":"(H26+H33)/1000","v":{"v":0.152,"d":"0.15"}},null,{"v":-0.152,"d":"-0.15"}]
["молоко",null,70,90,{"$f":"C8*E4","v":700},{"$f":"D8*F4","v":900},null,1600,"молоко","л",{"$f":"(H8+H16)/1000","v":3.34},null,-3.34]
["вода",null,53,68,{"$f":"C9*E4","v":530},{"$f":"D9*F4","v":680},null,1210,"молоко сгущ ","л",null,null,{"v":0,"d":"0.00"}]
["Сахар",null,2,2.5,{"$f":"C10*E4","v":20},{"$f":"D10*F4","v":25},null,45,"кефир","шт. ",null,null,0]
["соль",null,0.4,0.5,{"$f":"C11*E4","v":4},{"$f":"D11*F4","v":5},null,9,"ряженка","шт. ",null,null,0]
["масло сливочное",null,4,4,{"$f":"C12*E4","v":40},{"$f":"D12*F4","v":40},null,80,"катык","шт. ",{"$f":"H52/450","v":{"v":7.555555555555555,"d":"8"}},null,{"v":-7.555555555555555,"d":"-8"}]
["чай с молоком, сахаром",{"$nulls":7},"напиток ацидофильный","шт. ",null,null,0]
["заварка",null,0.45,0.45,{"$f":"C14*E4","v":4.5},{"$f":"D14*F4","v":4.5},null,{"$f":"E14+F14","v":9},"сметана","л",{"$f":"(H40+H59)/1000","v":{"v":0.3,"d":"0.30"}},null,{"v":-0.3,"d":"-0.30"}]
["сахар",null,6,6,{"$f":"C15*E4","v":60},{"$f":"D15*F4","v":60},null,{"$f":"E15+F15","v":120},"творог","шт. ",{"$f":"H55/250","v":{"v":7.6516,"d":"8"}},null,{"v":-7.6516,"d":"-7.65"}]
["молоко",null,82,92,{"$f":"C16*E4","v":820},{"$f":"D16*F4","v":920},null,{"$f":"E16+F16","v":1740},"сыр","кг",null,null,{"v":0,"d":"0.00"}]
["вода",null,90,90,{"$f":"C17*E4","v":900},{"$f":"D17*F4","v":900},null,{"$f":"E17+F17","v":1800},"яйцо","шт",{"$f":"(H38+H57)/48","v":{"v":4.2250000000000005,"d":"4"}},null,{"v":-4.2250000000000005,"d":"-4"}]
["бутерброд с маслом слив.",{"$nulls":7},"мука пшен","кг",{"$f":"H56/1000","v":{"v":0.292,"d":"0.29"}},null,{"v":-0.292,"d":"-0.29"}]
["батон нарезной",null,25,30,{"$f":"C19*E4","v":250},{"$f":"D19*F4","v":300},null,{"$f":"E19+F19","v":550},"манка","кг",null,null,{"v":0,"d":"0.00"}]
["масло сливочное",null,5,5,{"$f":"C20*E4","v":50},{"$f":"D20*F4","v":50},null,{"$f":"E20+F20","v":100},"рис","кг",null,null,{"v":0,"d":"0.00"}]
["2 - ОЙ ЗАВТРАК",{"$nulls":7},"пшено","кг",{"$f":"H7/1000","v":{"v":0.402,"d":"0.40"}},null,{"v":-0.402,"d":"-0.40"}]
["Фрукты свежие",null,100,100,{"$f":"C22*E4","v":1000},{"$f":"D22*F4","v":1000},null,{"$f":"E22+F22","v":2000},"перловка","кг",null,null,{"v":0,"d":"0.00"}]
["ОБЕД",{"$nulls":7},"горох","кг",null,null,{"v":0,"d":"0.00"}]
["Салат из квашеной капусты","капуста квашеная",51.5,77.22,{"$f":"C24*E4","v":515},{"$f":"D24*F4","v":772.2},null,{"$f":"E24+F24","v":1287.2},"пшеничная","кг",null,null,{"v":0,"d":"0.00"}]
[null,"сахар",2,3,{"$f":"C25*E4","v":20},{"$f":"D25*F4","v":30},null,{"$f":"E25+F25","v":50},"полба","кг",null,null,{"v":0,"d":"0.00"}]
[null,"масло растительное",2,3,{"$f":"C26*E4","v":20},{"$f":"D26*F4","v":30},null,{"$f":"E26+F26","v":50},"кукурузная крупа","кг",null,null,{"v":0,"d":"0.00"}]
["Рассольник Домашний на курином бульоне с куриными фрикадельками, со сметаной",{"$nulls":7},"сахар песок","кг",{"$f":"(H10+H15+H25+H49+H58+H64)/1000","v":{"v":0.572,"d":"0.57"}},null,{"v":-0.572,"d":"-0.57"}]
["капуста свежая",null,15,18,{"$f":"C28*E4","v":150},{"$f":"D28*F4","v":180},{"$f":"D28*G3","v":180},{"$f":"F28+E28+G28","v":510},"вермишель","кг",null,null,{"v":0,"d":"0.00"}]
["картофель",null,59.85,71.82,{"$f":"C29*E4","v":598.5},{"$f":"D29*F4","v":718.1999999999999},{"$f":"D29*G3","v":718.1999999999999},{"$f":"E29+F29+G29","v":2034.8999999999996},"мармелад","кг",null,null,{"v":0,"d":"0.00"}]
["морковь",null,7.5,9,{"$f":"C30*E4","v":75},{"$f":"D30*F4","v":90},{"$f":"D30*G3","v":90},{"$f":"E30+F30+G30","v":255},"печенье","кг",{"$f":"H53/1000","v":{"v":0.6,"d":"0.60"}},null,{"v":-0.6,"d":"-0.60"}]
["лук",null,7.2,8.64,{"$f":"C31*E4","v":72},{"$f":"D31*F4","v":86.4},{"$f":"D31*G3","v":86.4},244.8,"какао","кг",null,null,{"v":0,"d":"0.000"}]
["огурцы соленые",null,16.38,19.66,{"$f":"C32*E4","v":163.79999999999998},{"$f":"D32*F4","v":196.6},{"$f":"D32*G3","v":196.6},{"$f":"E32+F32+G32","v":557},"кофе","кг",null,null,{"v":0,"d":"0.000"}]
["масло раст.",null,3,3.6,{"$f":"C33*E4","v":30},{"$f":"D33*F4","v":36},{"$f":"D33*G3","v":36},102,"заварка","кг",{"$f":"H14/1000","v":0.009},null,-0.009]
["соль",null,0.5,0.7,{"$f":"C34*E4","v":5},{"$f":"D34*F4","v":7},{"$f":"D34*G3","v":7},19,"лимонная кислота","кг",null,null,{"v":0,"d":"0.000"}]
["цыплята-бройлеры с/м",null,17.5,26.33,{"$f":"C35*E4","v":175},{"$f":"D35*F4","v":263.29999999999995},{"$f":"D35*G3","v":263.29999999999995},701.5999999999999,"шиповник ","кг",{"$f":"H62/1000","v":{"v":0.337,"d":"0.34"}},null,{"v":-0.337,"d":"-0.34"}]
["Фрикадельки","фарш куриный",11.97,17.96,{"$f":"C36*E4","v":119.7},{"$f":"D36*F4","v":179.60000000000002},{"$f":"D36*G3","v":179.60000000000002},{"$f":"E36+F36+G36","v":478.90000000000003},"сок","л",null,null,{"v":0,"d":"0.00"}]
[null,"лук",1.19,1.79,{"$f":"C37*E4","v":11.899999999999999},{"$f":"D37*F4","v":17.9},{"$f":"D37*G3","v":17.9},{"$f":"E37+F37+G37","v":47.699999999999996},"соль","кг",{"$f":"(H11+H39+H34+H46+H60)/1000","v":{"v":0.0505,"d":"0.05"}},null,{"v":-0.0505,"d":"-0.05"}]
[null,"яйцо",0.96,1.44,{"$f":"C38*E4","v":9.6},{"$f":"D38*F4","v":14.399999999999999},{"$f":"D38*G3","v":14.399999999999999},{"$f":"E38+F38+G38","v":38.4},"картофель","кг",{"$f":"(H29+H42)/1000","v":{"v":5.2189,"d":"5.22"}},null,{"v":-5.2189,"d":"-5.22"}]
[null,"соль",0.1,0.15,{"$f":"C39*E4","v":1},{"$f":"D39*F4","v":1.5},{"$f":"D39*G3","v":1.5},{"$f":"E39+F39+G39","v":4},"капуста квашеная","л",{"$f":"H24/1000","v":{"v":1.2872000000000001,"d":"1.287"}},null,{"v":-1.2872000000000001,"d":"-1.29"}]
["сметана",null,6,7,{"$f":"C40*E4","v":60},{"$f":"D40*F4","v":70},{"$f":"D40*G3","v":70},{"$f":"E40+F40+G40","v":200},"огурцы св","л",null,null,{"v":0,"d":"0.00"}]
["Жаркое из отварной птицы по-домашнему","птица",80.5,97.5,{"$f":"C41*E4","v":805},{"$f":"D41*F4","v":975},null,{"$f":"E41+F41","v":1780},"капуста","кг",{"$f":"H28/1000","v":0.51},null,-0.51]
[null,"картофель",144.7,173.7,{"$f":"C42*E4","v":1447},{"$f":"D42*F4","v":1737},null,3184,"лук","кг",{"$f":"(H31+H37+H45)/1000","v":{"v":0.5415,"d":"0.54"}},null,{"v":-0.5415,"d":"-0.54"}]
[null,"морковь",5.9,7.1,{"$f":"C43*E4","v":59},{"$f":"D43*F4","v":71},null,130,"морковь","кг",{"$f":"(H30+H43)/1000","v":{"v":0.385,"d":"0.39"}},null,{"v":-0.385,"d":"-0.39"}]
[null,"масло сливочное",3.8,4.6,{"$f":"C44*E4","v":38},{"$f":"D44*F4","v":46},null,84,"свекла","кг",null,null,{"v":0,"d":"0.00"}]
[null,"лук",11.3,13.6,{"$f":"C45*E4","v":113},{"$f":"D45*F4","v":136},null,249,"фрукты","кг",{"$f":"H22/1000","v":{"v":2,"d":"2.00"}},null,{"v":-2,"d":"-2.00"}]
[null,"соль",0.6,0.7,{"$f":"C46*E4","v":6},{"$f":"D46*F4","v":7},null,13,"яблоки","кг",null,null,{"v":0,"d":"0.00"}]
["Кисель","кисель",17.5,21,{"$f":"C47*E4","v":175},{"$f":"D47*F4","v":210},null,{"$f":"E47+F47","v":385},"лимон","кг",null,null,{"v":0,"d":"0.00"}]
[null,"вода",150,180,{"$f":"C48*E4","v":1500},{"$f":"D48*F4","v":1800},null,{"$f":"E48+F48","v":3300},"огурцы соленые","л",{"$f":"H32/1000","v":{"v":0.557,"d":"0.56"}},null,{"v":-0.557,"d":"-0.56"}]
[null,"сахар",5,6,{"$f":"C49*E4","v":50},{"$f":"D49*F4","v":60},null,{"$f":"E49+F49","v":110},"кисель","кг",{"$f":"H47/1000","v":{"v":0.385,"d":"0.39"}},null,{"v":-0.385,"d":"-0.39"}]
["хлеб ржаной",null,35,45,{"$f":"C50*E4","v":350},{"$f":"D50*F4","v":450},{"$f":"(G3+G4)*D50","v":450},{"$f":"E50+F50+G50","v":1250},"повидло","кг",null,null,{"v":0,"d":"0.00"}]
[" УПЛОТНЕННЫЙ ПОЛДНИК",{"$nulls":7},"изюм","кг",null,null,{"v":0,"d":"0.00"}]
["катык",null,155,185,{"$f":"C52*E4","v":1550},{"$f":"D52*F4","v":1850},null,{"$f":"E52+F52","v":3400},"сухари панировочные","кг",null,null,{"v":0,"d":"0.00"}]
["печенье",null,20,40,{"$f":"C53*E4","v":200},{"$f":"D53*F4","v":400},null,{"$f":"E53+F53","v":600},"батон нарезной","кг",{"$f":"H19/1000","v":{"v":0.55,"d":"0.550"}},null,-0.55]
["Вареники ленивые со сметанным соусом",{"$nulls":7},"хлеб пшеничный","кг",null,null,{"v":0,"d":"0.00"}]
["творог",null,87.89,103.4,{"$f":"C55*E4","v":878.9},{"$f":"D55*F4","v":1034},null,{"$f":"E55+F55","v":1912.9},"хлеб ржаной","кг",{"$f":"H50/1000","v":1.25},null,-1.25]
["мука",null,13.5,15.7,{"$f":"C56*E4","v":135},{"$f":"D56*F4","v":157},null,292,"кукуруза консерв","кг",null,null,{"$f":"L56-K56","v":{"v":0,"d":"0.00"}}]
["яйцо",null,7.56,8.88,{"$f":"C57*E4","v":75.6},{"$f":"D57*F4","v":88.80000000000001},null,164.4,"сок 0,200","шт",null,null,{"$f":"L57-K57","v":{"v":0,"d":"0.00"}}]
["сахар",null,6.3,7.4,{"$f":"C58*E4","v":63},{"$f":"D58*F4","v":74},null,137]
["сметана",null,5,5,{"$f":"C59*E4","v":50},{"$f":"D59*F4","v":50},null,100]
["соль",null,0.25,0.3,{"$f":"C60*E4","v":2.5},{"$f":"D60*F4","v":3},null,5.5]
["вода",null,15,5.2,{"$f":"C61*E4","v":150},{"$f":"D61*F4","v":52},null,202]
["Напиток из шиповника ","шиповник",15.3,18.4,{"$f":"C62*E4","v":153},{"$f":"D62*F4","v":184},null,{"$f":"E62+F62","v":337}]
[null,"вода",150,180,{"$f":"C63*E4","v":1500},{"$f":"D63*F4","v":1800},null,{"$f":"E63+F63","v":3300}]
[null,"сахар",5,6,{"$f":"C64*E4","v":50},{"$f":"D64*F4","v":60},null,{"$f":"E64+F64","v":110}]

{"sheet":"7 день","index":6,"n_rows":95,"n_cols":14,"rows_kept":95,"merged":[[0,0,1,1],[0,2,1,3],[0,4,1,5],[0,6,1,6],[0,7,1,7],[4,0,4,7],[5,0,5,7],[6,0,6,1],[6,6,11,6],[7,0,7,1],[8,0,8,1],[9,0,9,1],[10,0,10,1],[11,0,11,1],[12,0,12,7],[13,0,13,1],[13,6,16,6],[14,0,14,1],[15,0,15,1],[16,0,16,1],[17,0,17,7],[18,0,18,1],[18,6,20,6],[19,0,19,1],[20,0,20,1],[21,0,21,7],[22,0,22,1],[23,0,23,7],[24,0,24,7],[25,0,25,1],[25,6,26,6],[26,0,26,1],[27,0,27,7],[28,0,28,1],[29,0,32,0],[33,0,33,1],[34,0,34,1],[35,0,35,1],[36,0,36,1],[37,0,37,1],[38,0,38,1],[39,0,43,0],[44,0,50,0],[44,6,58,6],[51,0,58,0],[59,0,59,1],[60,0,60,7],[61,0,61,1],[61,6,62,6],[62,0,62,1],[63,0,63,7],[64,0,65,0],[64,6,65,6],[66,0,66,7],[67,0,67,1],[67,6,74,6],[68,0,68,1],[69,0,69,1],[70,0,70,1],[71,0,71,1],[72,0,72,1],[73,0,73,1],[74,0,74,1],[75,0,75,7],[76,0,76,1],[76,6,84,6],[77,0,77,1],[78,0,78,1],[79,0,79,1],[80,0,80,1],[81,0,81,1],[82,0,82,1],[83,0,83,1],[84,0,84,1],[85,0,90,0],[85,6,90,6],[91,0,93,0],[91,6,93,6],[94,0,94,1]]}
["меню на 7 день",null,"ГРАММ НА 1 РЕБЕНКА",null,"КОЛ-ВО ДЕТЕЙ",null,"Сотрудники","ИТОГО","продукты к выдаче","ед.изм","ИТОГО на день","Выдано","Перерасход (экономия)"]
[{"$nulls":8},"мясо (котлетное)","кг",{"$f":"H29/1000","v":{"v":0.4767,"d":"0.48"}},null,{"$f":"L2-K2","v":{"v":-0.4767,"d":"-0.48"}},{"$f":"B3","v":"00:00:00"}]
["Дата",null,"ЯСЛИ","САД","ЯСЛИ","САД",10,"первое","фарш готовый","кг",{"$f":"(H30+H45)/1000","v":{"v":1.6577,"d":"1.66"}},null,{"$f":"L3-K3","v":{"v":-1.6577,"d":"-1.66"}}]
[{"$nulls":4},10,10,null,"второе","мясо (говядина)","кг",null,null,{"v":0,"d":"0.00"}]
["ЗАВТРАК",{"$nulls":7},"птица","кг",null,null,{"v":0,"d":"0.00"}]
["Каша рисовая молочная с маслом слив.",{"$nulls":7},"фарш минтая","кг",{"$f":"H78/1000","v":{"v":0.945,"d":"0.95"}},null,{"v":-0.945,"d":"-0.95"}]
["рис",null,17.7,22.5,{"$f":"C7*E4","v":177},{"$f":"D7*F4","v":225},null,{"$f":"E7+F7","v":402},"минтай","кг",{"$f":"H77/1000","v":{"v":1.224,"d":"1.22"}},null,{"v":-1.224,"d":"-1.22"}]
["Сахар",null,2,2.5,{"$f":"C8*E4","v":20},{"$f":"D8*F4","v":25},null,45,"масло слив","кг",{"$f":"(H11+H21+H41+H56+H70+H90)/1000","v":{"v":0.301,"d":"0.30"}},null,{"v":-0.301,"d":"-0.30"}]
["молоко",null,70,90,{"$f":"C9*E4","v":700},{"$f":"D9*F4","v":900},null,1600,"масло раст","л",{"$f":"(H27+H37+H50+H74+H81)/1000","v":{"v":0.267,"d":"0.27"}},null,{"v":-0.267,"d":"-0.27"}]
["вода",null,53,68,{"$f":"C10*E4","v":530},{"$f":"D10*F4","v":680},null,1210,"молоко","л",{"$f":"(H9+H16)/1000","v":{"v":3.4,"d":"3.40"}},null,{"v":-3.4,"d":"-3.40"}]
["масло сливочное",null,3,3,{"$f":"C11*E4","v":30},{"$f":"D11*F4","v":30},null,60,"молоко сгущ ","л",null,null,{"v":0,"d":"0.00"}]
["соль",null,0.4,0.5,{"$f":"C12*E4","v":4},{"$f":"D12*F4","v":5},null,9,"кефир","шт. ",{"$f":"H66/450","v":{"v":7.555555555555555,"d":"8"}},null,{"v":-7.555555555555555,"d":"-7.56"}]
["кофейный напиток",{"$nulls":7},"ряженка","шт. ",null,null,{"v":0,"d":"0.00"}]
["кофе",null,2.5,2.5,{"$f":"C14*E4","v":25},{"$f":"D14*F4","v":25},null,{"$f":"E14+F14","v":50},"катык","шт. ",null,null,{"v":0,"d":"0.00"}]
["сахар",null,6,6,{"$f":"C15*E4","v":60},{"$f":"D15*F4","v":60},null,{"$f":"E15+F15","v":120},"напиток ацидофильный","шт. ",null,null,{"v":0,"d":"0.00"}]
["молоко",null,90,90,{"$f":"C16*E4","v":900},{"$f":"D16*F4","v":900},null,{"$f":"E16+F16","v":1800},"сметана","л",null,null,{"v":0,"d":"0.00"}]
["вода",null,108,108,{"$f":"C17*E4","v":1080},{"$f":"D17*F4","v":1080},null,{"$f":"E17+F17","v":2160},"творог","шт. ",{"$f":"H71/250","v":{"v":1.988,"d":"2"}},null,{"v":-1.988,"d":"-1.99"}]
["бутерброд с маслом слив., сыр порционно",{"$nulls":7},"сыр","кг",{"$f":"H20/1000","v":{"v":0.204,"d":"0.20"}},null,{"v":-0.204,"d":"-0.20"}]
["батон нарезной",null,25,30,{"$f":"C19*E4","v":250},{"$f":"D19*F4","v":300},null,{"$f":"E19+F19","v":550},"яйцо","шт. ",{"$f":"(H32+H42+H75+H84)/48","v":{"v":8.495833333333334,"d":"8"}},null,{"v":-8.495833333333334,"d":"-8"}]
["сыр порционно",null,10.2,10.2,{"$f":"C20*E4","v":102},{"$f":"D20*F4","v":102},null,{"$f":"E20+F20","v":204},"мука пшен","кг",{"$f":"(H40+H52+H68)/1000","v":{"v":0.904,"d":"0.90"}},null,{"v":-0.904,"d":"-0.90"}]
["масло сливочное",null,5,5,{"$f":"C21*E4","v":50},{"$f":"D21*F4","v":50},null,{"$f":"E21+F21","v":100},"гречка","кг",{"$f":"H87/1000","v":{"v":1.023,"d":"1.02"}},null,{"v":-1.023,"d":"-1.02"}]
["2-ОЙ ЗАВТРАК",{"$nulls":7},"манка","кг",{"$f":"H80/1000","v":{"v":0.0305,"d":"0.03"}},null,{"v":-0.0305,"d":"-0.03"}]
["Сок в ассортименте",null,200,180,{"$f":"C23*E4","v":2000},{"$f":"D23*F4","v":1800},null,{"$f":"E23+F23","v":3800},"пшено","кг",null,null,{"v":0,"d":"0.00"}]
["ОБЕД",{"$nulls":7},"перловка","кг",null,null,{"v":0,"d":"0.00"}]
["Салат из зеленого горошка к/с",{"$nulls":7},"полба","кг",null,null,{"v":0,"d":"0.00"}]
["зеленый горошек к/с",null,48.1,80.16,{"$f":"C26*E4","v":481},{"$f":"D26*F4","v":801.5999999999999},null,{"$f":"E26+F26","v":1282.6},"рис","кг",{"$f":"H7/1000","v":{"v":0.402,"d":"0.40"}},null,{"v":-0.402,"d":"-0.40"}]
["масло раст.",null,1.5,2.5,{"$f":"C27*E4","v":15},{"$f":"D27*F4","v":25},null,40,"сахар песок","кг",{"$f":"(H8+H15+H65+H58+H63+H69+H85)/1000","v":{"v":0.3978,"d":"0.40"}},null,{"v":-0.3978,"d":"-0.40"}]
["Суп картофельный с клёцками, с мясными фрикадельками",{"$nulls":7},"вермишель (звездочка)","кг",null,null,{"v":0,"d":"0.00"}]
["говядина б/к (котлетное мясо)",null,11.97,17.85,{"$f":"C29*E4","v":119.7},{"$f":"D29*F4","v":178.5},{"$f":"D29*G3","v":178.5},{"$f":"G29+F29+E29","v":476.7},"печенье","кг",null,null,{"v":0,"d":"0.00"}]
["Фрикадельки","фарш говяжий",11.97,17.85,{"$f":"C30*E4","v":119.7},{"$f":"D30*F4","v":178.5},{"$f":"D30*G3","v":178.5},{"$f":"G30+F30+E30","v":476.7},"вафли","кг",null,null,{"v":0,"d":"0.00"}]
[null,"лук",1.19,1.79,{"$f":"C31*E4","v":11.899999999999999},{"$f":"D31*F4","v":17.9},{"$f":"D31*G3","v":17.9},{"$f":"G31+F31+E31","v":47.699999999999996},"какао","кг",null,null,{"v":0,"d":"0.000"}]
[null,"яйцо",0.96,1.44,{"$f":"C32*E4","v":9.6},{"$f":"D32*F4","v":14.399999999999999},{"$f":"D32*G3","v":14.399999999999999},{"$f":"G32+F32+E32","v":38.4},"кофе","кг",{"$f":"H14/1000","v":{"v":0.05,"d":"0.050"}},null,{"v":-0.05,"d":"-0.050"}]
[null,"соль",0.1,0.15,{"$f":"C33*E4","v":1},{"$f":"D33*F4","v":1.5},{"$f":"D33*G3","v":1.5},{"$f":"G33+F33+E33","v":4},"заварка","кг",{"$f":"H92/1000","v":0.009},null,-0.009]
["картофель",null,66.6,79.8,{"$f":"C34*E4","v":666},{"$f":"D34*F4","v":798},{"$f":"D34*G3","v":798},{"$f":"E34+F34+G34","v":2262},"томат паста","кг",{"$f":"H57/1000","v":0.044},null,-0.044]
["морковь",null,7.5,9,{"$f":"C35*E4","v":75},{"$f":"D35*F4","v":90},{"$f":"D35*G3","v":90},{"$f":"E35+F35+G35","v":255},"дрожжи","кг",{"$f":"H72/1000","v":0.005},null,-0.005]
["лук",null,7.2,8.6,{"$f":"C36*E4","v":72},{"$f":"D36*F4","v":86},{"$f":"D36*G3","v":86},244,"соленые огурцы","кг",null,null,{"v":0,"d":"0.00"}]
["масло раст.",null,1.5,1.8,{"$f":"C37*E4","v":15},{"$f":"D37*F4","v":18},{"$f":"D37*G3","v":18},51,"сок","л",{"$f":"F23/1000","v":1.8},null,{"v":-1.8,"d":"-1.80"}]
["соль",null,0.5,0.6,{"$f":"C38*E4","v":5},{"$f":"D38*F4","v":6},{"$f":"D38*G3","v":6},17,"соль","кг",{"$f":"(H33+H73+H38+H44+H51+H53+H82+H88)/1000","v":{"v":0.0708,"d":"0.07"}},null,{"v":-0.0708,"d":"-0.07"}]
["бульон",null,112.5,135,{"$f":"C39*E4","v":1125},{"$f":"D39*F4","v":1350},{"$f":"D39*G3","v":1350},3825,"картофель","кг",{"$f":"(H34+H46)/1000","v":{"v":3.3619,"d":"3.36"}},null,{"v":-3.3619,"d":"-3.36"}]
["клёцки","мука",4.6,5.5,{"$f":"C40*E4","v":46},{"$f":"D40*F4","v":55},{"$f":"D40*G3","v":55},{"$f":"G40+F40+E40","v":156},"зеленый горошек","кг",{"$f":"H26/1000","v":{"v":1.2826,"d":"1.28"}},null,{"v":-1.2826,"d":"-1.28"}]
[null,"масло сливочное",0.5,0.6,{"$f":"C41*E4","v":5},{"$f":"D41*F4","v":6},{"$f":"D41*G3","v":6},{"$f":"G41+F41+E41","v":17},"капуста","кг",{"$f":"H49/1000","v":{"v":0.7587999999999999,"d":"0.76"}},null,{"v":-0.7587999999999999,"d":"-0.76"}]
[null,"яйцо",1.6,1.92,{"$f":"C42*E4","v":16},{"$f":"D42*F4","v":19.2},{"$f":"D42*G3","v":19.2},{"$f":"G42+F42+E42","v":54.4},"лук","кг",{"$f":"(H31+H36+H48+H55+H79+H86)/1000","v":{"v":1.0529000000000002,"d":"1.05"}},null,{"v":-1.0529000000000002,"d":"-1.05"}]
[null,"вода",7.3,8.8,{"$f":"C43*E4","v":73},{"$f":"D43*F4","v":88},{"$f":"D43*G3","v":88},{"$f":"G43+F43+E43","v":249},"морковь","кг",{"$f":"(H35+H47+H54+H91)/1000","v":{"v":1.2518000000000002,"d":"1.25"}},null,{"v":-1.2518000000000002,"d":"-1.25"}]
[null,"соль",0.1,0.16,{"$f":"C44*E4","v":1},{"$f":"D44*F4","v":1.6},{"$f":"D44*G3","v":1.6},{"$f":"G44+F44+E44","v":4.2},"яблоки","кг",null,null,{"v":0,"d":"0.00"}]
["Рагу из овощей с мясным фаршем","фарш говяжий",52.5,65.6,{"$f":"C45*E4","v":525},{"$f":"D45*F4","v":656},null,1181,"фрукты свежие","кг",null,null,{"v":0,"d":"0.00"}]
[null,"картофель",46.55,63.44,{"$f":"C46*E4","v":465.5},{"$f":"D46*F4","v":634.4},null,1099.9,"повидло","л",null,null,{"v":0,"d":"0.00"}]
[null,"морковь",23.4,31.92,{"$f":"C47*E4","v":234},{"$f":"D47*F4","v":319.20000000000005},null,553.2,"сухофрукты","кг",{"$f":"H62/1000","v":{"v":0.2805,"d":"0.28"}},null,{"v":-0.2805,"d":"-0.28"}]
[null,"лук",18.48,24,{"$f":"C48*E4","v":184.8},{"$f":"D48*F4","v":240},null,424.8,"изюм","кг",null,null,{"v":0,"d":"0.00"}]
[null,"капуста",32.13,43.75,{"$f":"C49*E4","v":321.3},{"$f":"D49*F4","v":437.5},null,758.8,"урюк","кг",null,null,{"v":0,"d":"0.00"}]
[null,"масло раст.",6,7.5,{"$f":"C50*E4","v":60},{"$f":"D50*F4","v":75},null,{"$f":"E50+F50","v":135},"сухари панировочные","кг",{"$f":"H83/1000","v":{"v":0.091,"d":"0.09"}},null,{"v":-0.091,"d":"-0.09"}]
[null,"соль",0.5,0.8,{"$f":"C51*E4","v":5},{"$f":"D51*F4","v":8},null,13,"батон нарезной","кг",{"$f":"H19/1000","v":0.55},null,-0.55]
["соус","мука",1.5,1.8,{"$f":"C52*E4","v":15},{"$f":"D52*F4","v":18},null,{"$f":"E52+F52","v":33},"хлеб пшеничный","кг",{"$f":"H95/1000","v":0.55},null,-0.55]
[null,"соль",0.33,0.4,{"$f":"C53*E4","v":3.3000000000000003},{"$f":"D53*F4","v":4},null,7.300000000000001,"хлеб ржаной","кг",{"$f":"H60/1000","v":1.25},null,-1.25]
[null,"морковь",2.66,3.2,{"$f":"C54*E4","v":26.6},{"$f":"D54*F4","v":32},null,58.6,"сок 0,200","шт",{"$f":"E23/200","v":{"v":10,"d":"10.00"}},null,-10]
[null,"лук",1.2,1.44,{"$f":"C55*E4","v":12},{"$f":"D55*F4","v":14.399999999999999},null,26.4,"кукуруза к/с","кг",null,null,{"v":0,"d":"0.00"}]
[null,"масло сливочное",2,2.4,{"$f":"C56*E4","v":20},{"$f":"D56*F4","v":24},null,44,"мармелад","кг",{"$f":"H94/1000","v":0.27},null,{"$f":"L56-K56","v":-0.27}]
[null,"томатная паста",2,2.4,{"$f":"C57*E4","v":20},{"$f":"D57*F4","v":24},null,44,"курага","кг",null,null,{"v":0,"d":"0.00"}]
[null,"Сахар",0.33,0.4,{"$f":"C58*E4","v":3.3000000000000003},{"$f":"D58*F4","v":4},null,7.300000000000001,"капуста цветная","кг",null,null,{"v":0,"d":"0.00"}]
[null,"вода",33,40,{"$f":"C59*E4","v":330},{"$f":"D59*F4","v":400},null,730]
["хлеб ржаной",null,35,45,{"$f":"C60*E4","v":350},{"$f":"D60*F4","v":450},{"$f":"(G3+G4)*D60","v":450},{"$f":"E60+F60+G60","v":1250}]
["Компот из сухофруктов"]
["сухофрукты",null,12.75,15.3,{"$f":"C62*E4","v":127.5},{"$f":"D62*F4","v":153},null,{"$f":"E62+F62","v":280.5}]
["сахар",null,5,6,{"$f":"C63*E4","v":50},{"$f":"D63*F4","v":60},null,{"$f":"E63+F63","v":110}]
["УПЛОТНЕННЫЙ ПОЛДНИК"]
["кефир","сахар",2,3,{"$f":"C65*E4","v":20},{"$f":"D65*F4","v":30},null,{"$f":"F65+E65","v":50}]
[null,"кефир",155,185,{"$f":"C66*E4","v":1550},{"$f":"D66*F4","v":1850},null,{"$f":"E66+F66","v":3400}]
["Ватрушка с творогом (ОБЕД)"]
["мука",null,28.6,42.9,{"$f":"C68*E4","v":286},{"$f":"D68*F4","v":429},null,{"$f":"E68+F68","v":715}]
["сахар",null,2.5,3.75,{"$f":"C69*E4","v":25},{"$f":"D69*F4","v":37.5},null,62.5]
["масло сливочное",null,1.2,1.8,{"$f":"C70*E4","v":12},{"$f":"D70*F4","v":18},null,30]
["творог",null,19.7,30,{"$f":"C71*E4","v":197},{"$f":"D71*F4","v":300},null,497]
["дрожжи",null,0.2,0.3,{"$f":"C72*E4","v":2},{"$f":"D72*F4","v":3},null,5]
["соль",null,0.4,0.6,{"$f":"C73*E4","v":4},{"$f":"D73*F4","v":6},null,10]
["масло растит.",null,0.4,0.6,{"$f":"C74*E4","v":4},{"$f":"D74*F4","v":6},null,10]
["яйцо ",null,3.96,5.94,{"$f":"C75*E4","v":39.6},{"$f":"D75*F4","v":59.400000000000006},null,99]
["Биточки рубленные из рыбы"]
["рыба (минтай)",null,51,71.4,{"$f":"C77*E4","v":510},{"$f":"D77*F4","v":714},null,{"$f":"E77+F77","v":1224}]
["фарш рыбный",null,39.4,55.1,{"$f":"C78*E4","v":394},{"$f":"D78*F4","v":551},null,945]
["лук",null,11.1,15.5,{"$f":"C79*E4","v":111},{"$f":"D79*F4","v":155},null,266]
["крупа манная",null,1.25,1.8,{"$f":"C80*E4","v":12.5},{"$f":"D80*F4","v":18},null,30.5]
["масло растительное",null,1.3,1.8,{"$f":"C81*E4","v":13},{"$f":"D81*F4","v":18},null,31]
["соль",null,0.4,0.5,{"$f":"C82*E4","v":4},{"$f":"D82*F4","v":5},null,9]
["сухари панировоч.",null,3.8,5.3,{"$f":"C83*E4","v":38},{"$f":"D83*F4","v":53},null,91]
["яйцо ",null,9,12.6,{"$f":"C84*E4","v":90},{"$f":"D84*F4","v":126},null,{"$f":"E84+F84","v":216}]
["сахар",null,0.1,0.2,{"$f":"C85*E4","v":1},{"$f":"D85*F4","v":2},null,3]
["Каша гречневая рассыпчатая с овощами с маслом сливочным","лук",2,2.4,{"$f":"C86*E4","v":20},{"$f":"D86*F4","v":24},null,44]
[null,"крупа гречневая",47.6,54.7,{"$f":"C87*E4","v":476},{"$f":"D87*F4","v":547},null,1023]
[null,"соль",0.3,0.33,{"$f":"C88*E4","v":3},{"$f":"D88*F4","v":3.3000000000000003},null,6.300000000000001]
[null,"вода",71,82,{"$f":"C89*E4","v":710},{"$f":"D89*F4","v":820},null,1530]
[null,"масло сливочное",2,3,{"$f":"C90*E4","v":20},{"$f":"D90*F4","v":30},null,50]
[null,"морковь",16.5,22,{"$f":"C91*E4","v":165},{"$f":"D91*F4","v":220},null,385]
["чай с мармеладом","чай",0.45,0.45,{"$f":"C92*E4","v":4.5},{"$f":"D92*F4","v":4.5},null,9]
[null,"вода",160,160,{"$f":"C93*E4","v":1600},{"$f":"D93*F4","v":1600},null,3200]
[null,"мармелад",13.5,13.5,{"$f":"C94*E4","v":135},{"$f":"D94*F4","v":135},null,270]
["хлеб пшеничный",null,25,30,{"$f":"C95*E4","v":250},{"$f":"D95*F4","v":300},null,550]

{"sheet":"8 день","index":7,"n_rows":72,"n_cols":14,"rows_kept":72,"merged":[[0,0,1,1],[0,2,1,3],[0,4,1,5],[0,6,1,6],[0,7,1,7],[4,0,4,7],[5,0,5,7],[6,0,6,1],[6,6,10,6],[7,0,7,1],[8,0,8,1],[9,0,9,1],[10,0,10,1],[11,0,11,7],[12,0,12,1],[12,6,15,6],[13,0,13,1],[14,0,14,1],[15,0,15,1],[16,0,16,7],[17,0,17,1],[17,6,18,6],[18,0,18,1],[19,0,19,7],[20,0,20,1],[21,0,21,7],[22,0,27,0],[22,6,27,6],[28,0,29,7],[30,0,30,1],[31,0,31,1],[32,0,32,1],[33,0,33,1],[34,0,34,1],[35,0,35,1],[36,0,36,1],[37,0,37,1],[38,0,38,1],[39,0,39,1],[40,0,47,0],[40,6,47,6],[40,14,40,19],[41,14,41,15],[43,14,43,15],[44,14,44,15],[45,14,45,15],[46,14,46,15],[48,0,51,0],[48,6,51,6],[52,0,55,0],[52,6,55,6],[56,0,59,0],[56,6,59,6],[60,0,60,1],[61,0,61,7],[62,0,62,1],[62,6,63,6],[63,0,63,1],[64,0,67,0],[64,6,67,6],[68,0,70,0],[68,6,70,6],[71,0,71,1]]}
["меню на 8 день",null,"ГРАММ НА 1 РЕБЕНКА",null,"КОЛ-ВО ДЕТЕЙ",null,"Сотрудники","ИТОГО","продукты к выдаче","ед.изм","ИТОГО на день","Выдано","Перерасход (экономия)"]
[{"$nulls":8},"мясо (котлетное)","кг",null,null,{"$f":"L2-K2","v":{"v":0,"d":"0.00"}},{"$f":"B3","v":"00:00:00"}]
["Дата",null,"ЯСЛИ","САД","ЯСЛИ","САД",10,"первое","фарш готовый","кг",null,null,{"$f":"L3-K3","v":{"v":0,"d":"0.00"}}]
[{"$nulls":4},10,10,null,"второе","птица","кг",{"$f":"(H31+H41)/1000","v":{"v":1.5806,"d":"1.58"}},null,{"v":-1.5806,"d":"-1.58"}]
["ЗАВТРАК",{"$nulls":7},"фарш куриный","кг",{"$f":"(H32+H42)/1000","v":{"v":1.0779,"d":"1.08"}},null,{"v":-1.0779,"d":"-1.08"}]
["Каша манная",{"$nulls":7},"минтай","кг",null,null,{"v":0,"d":"0.00"}]
["манка",null,18,22.5,{"$f":"C7*E4","v":180},{"$f":"D7*F4","v":225},null,{"$f":"E7+F7","v":405},"масло слив","кг",{"$f":"(H11+H19+H55+H67)/1000","v":{"v":0.285,"d":"0.29"}},null,{"v":-0.285,"d":"-0.29"}]
["молоко",null,123,158,{"$f":"C8*E4","v":1230},{"$f":"D8*F4","v":1580},null,{"$f":"E8+F8","v":2810},"масло раст","л",{"$f":"(H27+H37+H47)/1000","v":{"v":0.197,"d":"0.20"}},null,{"v":-0.197,"d":"-0.20"}]
["Сахар",null,2,2.5,{"$f":"C9*E4","v":20},{"$f":"D9*F4","v":25},null,{"$f":"E9+F9","v":45},"молоко","л",{"$f":"(H8+H15+H63+H66)/1000","v":9.88},null,-9.88]
["соль",null,0.4,0.5,{"$f":"C10*E4","v":4},{"$f":"D10*F4","v":5},null,{"$f":"E10+F10","v":9},"молоко сгущ ","л",null,null,{"v":0,"d":"0.00"}]
["масло сливочное",null,3,5,{"$f":"C11*E4","v":30},{"$f":"D11*F4","v":50},null,{"$f":"E11+F11","v":80},"кефир","шт. ",null,null,{"v":0,"d":"0.00"}]
["какао с молоком",{"$nulls":7},"ряженка","шт. ",null,null,{"v":0,"d":"0.00"}]
["какао",null,2,2,{"$f":"C13*E4","v":20},{"$f":"D13*F4","v":20},null,{"$f":"E13+F13","v":40},"катык","шт. ",null,null,{"v":0,"d":"0.00"}]
["сахар",null,6,6,{"$f":"C14*E4","v":60},{"$f":"D14*F4","v":60},null,{"$f":"E14+F14","v":120},"напиток ацидофильный","шт. ",null,null,{"v":0,"d":"0.00"}]
["молоко",null,110,110,{"$f":"C15*E4","v":1100},{"$f":"D15*F4","v":1100},null,{"$f":"E15+F15","v":2200},"сметана","л",{"$f":"(H38+H49)/1000","v":{"v":0.3025,"d":"0.30"}},null,{"v":-0.3025,"d":"-0.30"}]
["вода",null,80,80,{"$f":"C16*E4","v":800},{"$f":"D16*F4","v":800},null,{"$f":"E16+F16","v":1600},"творог","шт. ",null,null,{"v":0,"d":"0.00"}]
["бутерброд с маслом, сыром",{"$nulls":7},"сыр","кг",null,null,{"v":0,"d":"0.00"}]
["батон нарезной",null,25,30,{"$f":"C18*E4","v":250},{"$f":"D18*F4","v":300},null,{"$f":"E18+F18","v":550},"яйцо","шт",{"$f":"H65/48","v":{"v":37.5,"d":"38"}},null,{"v":-37.5,"d":"-38"}]
["масло сливочное",null,5,5,{"$f":"C19*E4","v":50},{"$f":"D19*F4","v":50},null,{"$f":"E19+F19","v":100},"мука пшен","кг",{"$f":"(H44+H50)/1000","v":{"v":0.097,"d":"0.10"}},null,{"v":-0.097,"d":"-0.10"}]
["2-ОЙ ЗАВТРАК",{"$nulls":7},"гречка","кг",null,null,{"v":0,"d":"0.00"}]
["Фрукты свежие",null,150,150,{"$f":"C21*E4","v":1500},{"$f":"D21*F4","v":1500},null,{"$f":"E21+F21","v":3000},"манка","кг",{"$f":"H7/1000","v":{"v":0.405,"d":"0.41"}},null,{"v":-0.405,"d":"-0.41"}]
["ОБЕД",{"$nulls":7},"рис","кг",{"$f":"H43/1000","v":{"v":0.076,"d":"0.08"}},null,{"v":-0.076,"d":"-0.08"}]
["Винегрет с солеными огурцами","картофель",13.76,20.64,{"$f":"C23*E4","v":137.6},{"$f":"D23*F4","v":206.4},null,{"$f":"E23+F23","v":344},"перловка","кг",null,null,{"v":0,"d":"0.00"}]
[null,"свекла",10.2,15.3,{"$f":"C24*E4","v":102},{"$f":"D24*F4","v":153},null,{"$f":"E24+F24","v":255},"геркулес","кг",null,null,{"v":0,"d":"0.00"}]
[null,"морковь",7.56,11.4,{"$f":"C25*E4","v":75.6},{"$f":"D25*F4","v":114},null,{"$f":"E25+F25","v":189.6},"горох","кг"]
[null,"огурцы соленые",14.56,21.84,{"$f":"C26*E4","v":145.6},{"$f":"D26*F4","v":218.4},null,{"$f":"E26+F26","v":364},"пшеничная","кг"]
[null,"масло растит.",2.4,3.6,{"$f":"C27*E4","v":24},{"$f":"D27*F4","v":36},null,{"$f":"E27+F27","v":60},"полба","кг",null,null,{"v":0,"d":"0.00"}]
[null,"лук",7.14,10.71,{"$f":"C28*E4","v":71.39999999999999},{"$f":"D28*F4","v":107.10000000000001},null,{"$f":"E28+F28","v":178.5},"кукурузная крупа","кг",null,null,{"v":0,"d":"0.00"}]
["Щи со свежей капустой, картофелем на курином бульоне, с куриными фрикадельками и со сметаной",{"$nulls":7},"сахар песок","кг",{"$f":"(H9+H14+H60+H70)/1000","v":{"v":0.455,"d":"0.46"}},null,{"v":-0.455,"d":"-0.46"}]
[{"$nulls":8},"вермишель","кг",{"$f":"H53/1000","v":0.84},null,-0.84]
["цыплята-бройлеры с/м",null,17.5,26.33,{"$f":"C31*E4","v":175},{"$f":"D31*F4","v":263.29999999999995},{"$f":"D31*G3","v":263.29999999999995},{"$f":"E31+F31+G31","v":701.5999999999999},"печенье","кг",{"$f":"H64/1000","v":{"v":0.6,"d":"0.60"}},null,{"v":-0.6,"d":"-0.60"}]
["фарш куриный",null,11.9,17.96,{"$f":"C32*E4","v":119},{"$f":"D32*F4","v":179.60000000000002},{"$f":"D32*G3","v":179.60000000000002},{"$f":"E32+F32+G32","v":478.20000000000005},"вафли","кг",null,null,{"v":0,"d":"0.00"}]
["капуста",null,37.5,50,{"$f":"C33*E4","v":375},{"$f":"D33*F4","v":500},{"$f":"D33*G3","v":500},{"$f":"E33+F33+G33","v":1375},"какао","кг",{"$f":"H13/1000","v":0.04},null,-0.04]
["картофель",null,23.94,31.92,{"$f":"C34*E4","v":239.4},{"$f":"D34*F4","v":319.20000000000005},{"$f":"D34*G3","v":319.20000000000005},877.8000000000001,"кофе","кг",null,null,{"v":0,"d":"0.00"}]
["морковь",null,7.5,12.5,{"$f":"C35*E4","v":75},{"$f":"D35*F4","v":125},{"$f":"D35*G3","v":125},325,"заварка","кг",{"$f":"H69/1000","v":{"v":0.0085,"d":"0.009"}},null,{"v":-0.0085,"d":"-0.009"}]
["лук",null,7.14,9.52,{"$f":"C36*E4","v":71.39999999999999},{"$f":"D36*F4","v":95.19999999999999},{"$f":"D36*G3","v":95.19999999999999},261.79999999999995,"лимонная кислота","кг",null,null,{"v":0,"d":"0.000"}]
["масло раст.",null,3,4,{"$f":"C37*E4","v":30},{"$f":"D37*F4","v":40},{"$f":"D37*G3","v":40},110,"дрожжи","кг",null,null,{"v":0,"d":"0.000"}]
["сметана",null,5,7,{"$f":"C38*E4","v":50},{"$f":"D38*F4","v":70},{"$f":"D38*G3","v":70},190,"сок","л",null,null,{"v":0,"d":"0.000"}]
["соль",null,0.5,0.7,{"$f":"C39*E4","v":5},{"$f":"D39*F4","v":7},{"$f":"D39*G3","v":7},19,"соль","кг",{"$f":"(H10+H39+H46+H52+H56+H68)/1000","v":{"v":0.0676,"d":"0.07"}},null,{"v":-0.0676,"d":"-0.07"}]
["бульон",null,120,140,{"$f":"C40*E4","v":1200},{"$f":"D40*F4","v":1400},{"$f":"D40*G3","v":1400},{"$f":"E40+F40+G40","v":4000},"картофель","кг",{"$f":"(H23+H34)/1000","v":{"v":1.2218000000000002,"d":"1.22"}},null,{"v":-1.2218000000000002,"d":"-1.22"}]
["Тефтели куриные с рисом ","куры/цыплята потрош",39.1,48.8,{"$f":"C41*E4","v":391},{"$f":"D41*F4","v":488},null,{"$f":"E41+F41","v":879},"томат паста","л",{"$f":"H51/1000","v":{"v":0.018,"d":"0.02"}},null,{"v":-0.018,"d":"-0.02"}]
[null,"фарш куриный",26.67,33.3,{"$f":"C42*E4","v":266.70000000000005},{"$f":"D42*F4","v":333},null,599.7,"сол.огурцы","л",{"$f":"H26/1000","v":{"v":0.364,"d":"0.36"}},null,{"v":-0.364,"d":"-0.36"}]
[null,"рис",3.4,4.2,{"$f":"C43*E4","v":34},{"$f":"D43*F4","v":42},null,76,"зеленый горошек","кг",null,null,{"v":0,"d":"0.00"}]
[null,"мука",2.8,3.5,{"$f":"C44*E4","v":28},{"$f":"D44*F4","v":35},null,63,"капуста","кг",{"$f":"H33/1000","v":{"v":1.375,"d":"1.38"}},null,{"v":-1.375,"d":"-1.38"}]
[null,"вода",5,5,{"$f":"C45*E4","v":50},{"$f":"D45*F4","v":50},null,100,"лук","кг",{"$f":"(H28+H36+H48)/1000","v":{"v":0.6346999999999999,"d":"0.63"}},null,{"v":-0.6346999999999999,"d":"-0.63"}]
[null,"соль",0.2,0.3,{"$f":"C46*E4","v":2},{"$f":"D46*F4","v":3},null,5,"морковь","кг",{"$f":"(H25+H35)/1000","v":{"v":0.5146000000000001,"d":"0.51"}},null,{"v":-0.5146000000000001,"d":"-0.51"}]
[null,"масло раст.",1.2,1.5,{"$f":"C47*E4","v":12},{"$f":"D47*F4","v":15},null,27,"свекла","кг",{"$f":"H24/1000","v":{"v":0.255,"d":"0.26"}},null,{"v":-0.255,"d":"-0.26"}]
[null,"лук",8.64,10.8,{"$f":"C48*E4","v":86.4},{"$f":"D48*F4","v":108},null,194.4,"фрукты","кг",{"$f":"H21/1000","v":{"v":3,"d":"3.00"}},null,{"v":-3,"d":"-3.00"}]
["соус сметанно томантный","сметана",5,6.25,{"$f":"C49*E4","v":50},{"$f":"D49*F4","v":62.5},null,{"$f":"E49+F49","v":112.5},"яблоки","кг",null,null,{"v":0,"d":"0.00"}]
[null,"мука",1.5,1.9,{"$f":"C50*E4","v":15},{"$f":"D50*F4","v":19},null,{"$f":"E50+F50","v":34},"лимон","кг",{"$f":"H59/1000","v":{"v":0.061099999999999995,"d":"0.06"}},null,{"v":-0.061099999999999995,"d":"-0.06"}]
[null,"томатная паста",0.8,1,{"$f":"C51*E4","v":8},{"$f":"D51*F4","v":10},null,{"$f":"E51+F51","v":18},"кисель","кг",null,null,{"v":0,"d":"0.00"}]
[null,"соль",0.16,0.2,{"$f":"C52*E4","v":1.6},{"$f":"D52*F4","v":2},null,{"$f":"E52+F52","v":3.6},"сухофрукты","кг",null,null,{"v":0,"d":"0.00"}]
["Вермишель отварная с маслом сливочным","вермишель",38.5,45.5,{"$f":"C53*E4","v":385},{"$f":"D53*F4","v":455},null,{"$f":"E53+F53","v":840},"апельсины","кг",{"$f":"H57/1000","v":{"v":0.5962000000000001,"d":"0.60"}},null,{"v":-0.5962000000000001,"d":"-0.60"}]
[null,"вода",231,275,{"$f":"C54*E4","v":2310},{"$f":"D54*F4","v":2750},null,5060,"или мандарины","кг",{"$f":"H58/1000","v":0.54},null,-0.54]
[null,"масло сливочное",3,3,{"$f":"C55*E4","v":30},{"$f":"D55*F4","v":30},null,60,"батон нарезной","кг",{"$f":"H18/1000","v":0.55},null,-0.55]
[null,"соль",1.1,1.3,{"$f":"C56*E4","v":11},{"$f":"D56*F4","v":13},null,24,"хлеб пшеничный","кг",{"$f":"H72/1000","v":0.55},null,-0.55]
["Напиток из цитрусов","апельсины",26.82,32.8,{"$f":"C57*E4","v":268.2},{"$f":"D57*F4","v":328},null,596.2,"хлеб ржаной","кг",{"$f":"H61/1000","v":1.25},null,-1.25]
[null,"или мандарины",24.3,29.7,{"$f":"C58*E4","v":243},{"$f":"D58*F4","v":297},null,{"$f":"E58+F58","v":540},"капуста морская","кг",null,null,{"v":0,"d":"0.00"}]
[null,"лимон",2.78,3.33,{"$f":"C59*E4","v":27.799999999999997},{"$f":"D59*F4","v":33.3},null,61.099999999999994,"сок 0,200","шт",null,null,{"v":0,"d":"0.00"}]
[null,"сахар",8,10,{"$f":"C60*E4","v":80},{"$f":"D60*F4","v":100},null,180]
["хлеб ржаной",null,35,45,{"$f":"C61*E4","v":350},{"$f":"D61*F4","v":450},{"$f":"(G3+G4)*D61","v":450},1250]
["УПЛОТНЕННЫЙ ПОЛДНИК"]
["молоко кипяченое",null,158,189,{"$f":"C63*E4","v":1580},{"$f":"D63*F4","v":1890},null,{"$f":"E63+F63","v":3470}]
["печенье",null,20,40,{"$f":"C64*E4","v":200},{"$f":"D64*F4","v":400},null,{"$f":"E64+F64","v":600}]
["омлет натуральный","яйцо",84,96,{"$f":"C65*E4","v":840},{"$f":"D65*F4","v":960},null,{"$f":"E65+F65","v":1800}]
[null,"молоко",65,75,{"$f":"C66*E4","v":650},{"$f":"D66*F4","v":750},null,1400]
[null,"масло сливочное",2,2.5,{"$f":"C67*E4","v":20},{"$f":"D67*F4","v":25},null,45]
[null,"соль",0.3,0.4,{"$f":"C68*E4","v":3},{"$f":"D68*F4","v":4},null,7]
["Чай с сахаром","Чай весовой",0.4,0.45,{"$f":"C69*E4","v":4},{"$f":"D69*F4","v":4.5},null,{"$f":"E69+F69","v":8.5}]
[null,"сахар",5,6,{"$f":"C70*E4","v":50},{"$f":"D70*F4","v":60},null,{"$f":"E70+F70","v":110}]
[null,"вода",150,180,{"$f":"C71*E4","v":1500},{"$f":"D71*F4","v":1800},null,{"$f":"E71+F71","v":3300}]
["хлеб пшеничный",null,25,30,{"$f":"C72*E4","v":250},{"$f":"D72*F4","v":300},null,550]

{"sheet":"9 день","index":8,"n_rows":64,"n_cols":14,"rows_kept":64,"merged":[[0,0,2,1],[0,2,2,3],[0,4,2,5],[0,6,2,6],[0,7,2,7],[5,0,5,7],[6,0,6,7],[7,0,7,1],[7,6,12,6],[8,0,8,1],[9,0,9,1],[10,0,10,1],[11,0,11,1],[12,0,12,1],[13,0,13,7],[14,0,14,1],[14,6,17,6],[15,0,15,1],[16,0,16,1],[17,0,17,1],[18,0,18,7],[19,0,19,1],[19,6,21,6],[20,0,20,1],[21,0,21,1],[22,0,22,7],[23,0,23,1],[24,0,24,7],[25,0,25,7],[26,0,26,1],[27,0,34,0],[35,0,42,0],[35,6,42,6],[43,0,43,1],[44,0,46,0],[44,6,47,6],[47,0,47,1],[48,0,48,7],[49,0,49,1],[50,0,50,7],[51,0,53,0],[51,6,59,6],[54,0,56,0],[57,0,59,0],[60,0,62,0],[60,6,62,6],[63,0,63,1]]}
["меню на 9 день",null,"ГРАММ НА 1 РЕБЕНКА",null,"КОЛ-ВО ДЕТЕЙ",null,"Сотрудники","ИТОГО","продукты к выдаче","ед.изм","ИТОГО на день","Выдано","Перерасход"]
[{"$nulls":8},"птица",null,{"$f":"H29/1000","v":{"v":0.729,"d":"0.73"}}]
[{"$nulls":8},"фарш куриный","кг",null,null,{"$f":"L3-K3","v":{"v":0,"d":"0.00"}},{"$f":"B4","v":"00:00:00"}]
["Дата",null,"ЯСЛИ","САД","ЯСЛИ","САД",10,"первое","минтай","кг",{"$f":"H39/1000","v":1.19},null,-1.19]
[{"$nulls":4},10,10,null,"второе","фарш рыбный","кг",{"$f":"H38/1000","v":{"v":0.9188,"d":"0.92"}}]
["ЗАВТРАК",{"$nulls":7},"масло слив","кг",{"$f":"(H13+H22+H40+H54+H60)/1000","v":{"v":0.5415,"d":"0.54"}},null,{"v":-0.5415,"d":"-0.54"}]
["КАША ПШЕНИЧНАЯ МОЛОЧНАЯ С МАСЛОМ СЛИВ.",{"$nulls":7},"масло раст","л",{"$f":"(H37+H33)/1000","v":{"v":0.144,"d":"0.14"}},null,{"v":-0.144,"d":"-0.14"}]
["крупа пшеничная",null,18,22.5,{"$f":"C8*E5","v":180},{"$f":"D8*F5","v":225},null,{"$f":"E8+F8","v":405},"молоко","л",{"$f":"(H9+H17)/1000","v":3.34},null,-3.34]
["молоко",null,70,90,{"$f":"C9*E5","v":700},{"$f":"D9*F5","v":900},null,1600,"молоко сгущ ","л",null,null,{"v":0,"d":"0.00"}]
["вода",null,53,68,{"$f":"C10*E5","v":530},{"$f":"D10*F5","v":680},null,1210,"кефир","шт. ",null,null,{"v":0,"d":"0.00"}]
["Сахар",null,2,2.5,{"$f":"C11*E5","v":20},{"$f":"D11*F5","v":25},null,45,"ряженка","шт. ",{"$f":"H50/450","v":{"v":7.555555555555555,"d":"8"}},null,{"v":-7.555555555555555,"d":"-7.56"}]
["соль",null,0.4,0.5,{"$f":"C12*E5","v":4},{"$f":"D12*F5","v":5},null,9,"катык","шт. ",null,null,{"v":0,"d":"0.00"}]
["масло сливочное",null,3,3,{"$f":"C13*E5","v":30},{"$f":"D13*F5","v":30},null,60,"напиток ацидофильный","шт. ",null,null,{"v":0,"d":"0.00"}]
["чай с молоком, с сахаром",{"$nulls":7},"сметана","л",null,null,{"v":0,"d":"0.00"}]
["заварка",null,0.45,0.45,{"$f":"C15*E5","v":4.5},{"$f":"D15*F5","v":4.5},null,{"$f":"E15+F15","v":9},"творог","шт. ",{"$f":"H55/250","v":{"v":5.86,"d":"6"}},null,-5.86]
["сахар",null,6,6,{"$f":"C16*E5","v":60},{"$f":"D16*F5","v":60},null,{"$f":"E16+F16","v":120},"сыр","кг",{"$f":"H21/1000","v":{"v":0.204,"d":"0.20"}},null,{"v":-0.204,"d":"-0.20"}]
["молоко",null,82,92,{"$f":"C17*E5","v":820},{"$f":"D17*F5","v":920},null,{"$f":"E17+F17","v":1740},"яйцо","шт",{"$f":"+H57/48","v":{"v":7.125,"d":"7"}},null,{"v":-7.125,"d":"-7"}]
["вода",null,90,90,{"$f":"C18*E5","v":900},{"$f":"D18*F5","v":900},null,{"$f":"E18+F18","v":1800},"мука пшен","кг",{"$f":"(H52+H58)/1000","v":0.53},null,-0.53]
["бутерброд с сыром, с маслом сливочным",{"$nulls":7},"гречка","кг",null,null,{"v":0,"d":"0.00"}]
["батон нарезной",null,25,30,{"$f":"C20*E5","v":250},{"$f":"D20*F5","v":300},null,{"$f":"E20+F20","v":550},"манка","кг",null,null,{"$f":"L20-K20","v":{"v":0,"d":"0.00"}}]
["сыр",null,10.2,10.2,{"$f":"C21*E5","v":102},{"$f":"D21*F5","v":102},null,{"$f":"E21+F21","v":204},"рис","кг",null,null,{"v":0,"d":"0.00"}]
["масло сливочное",null,5,5,{"$f":"C22*E5","v":50},{"$f":"D22*F5","v":50},null,{"$f":"E22+F22","v":100},"пшено","кг",null,null,{"v":0,"d":"0.00"}]
["2-ОЙ ЗАВТРАК",{"$nulls":7},"перловка","кг",null,null,{"v":0,"d":"0.00"}]
["Сок в ассортименте",null,200,180,{"$f":"C24*E5","v":2000},{"$f":"D24*F5","v":1800},null,{"$f":"E24+F24","v":3800},"пшеничная","кг",{"$f":"H8/1000","v":{"v":0.405,"d":"0.41"}}]
["ОБЕД",{"$nulls":7},"полба","кг",null,null,{"$f":"L25-K25","v":{"v":0,"d":"0.00"}}]
["Огурцы соленые порционно",{"$nulls":7},"сахар песок","кг",{"$f":"(H11+H16+H53+H46+H56+H59+H62)/1000","v":{"v":0.9445,"d":"0.94"}},null,{"v":-0.9445,"d":"-0.94"}]
["огурцы соленые",null,54.5,90.9,{"$f":"C27*E5","v":545},{"$f":"D27*F5","v":909},null,{"$f":"E27+F27","v":1454},"макароны","кг",null,null,{"v":0,"d":"0.00"}]
["Суп картофельный с фасолью на курином бульоне, с мясом птицы","картофель",39.9,47.88,{"$f":"C28*E5","v":399},{"$f":"D28*F5","v":478.8},{"$f":"D28*G4","v":478.8},{"$f":"E28+F28+G28","v":1356.6},"печенье","кг",{"$f":"H48/1000","v":{"v":0.6,"d":"0.60"}},null,{"v":-0.6,"d":"-0.60"}]
[null,"цыплята-бройлеры",24.3,24.3,{"$f":"C29*E5","v":243},{"$f":"D29*F5","v":243},{"$f":"D29*G4","v":243},{"$f":"E29+F29+G29","v":729},"вафли","кг",null,null,{"v":0,"d":"0.00"}]
[null,"фасоль",12.15,14.58,{"$f":"C30*E5","v":121.5},{"$f":"D30*F5","v":145.8},{"$f":"D30*G4","v":145.8},413.1,"какао","кг",null,null,{"v":0,"d":"0.00"}]
[null,"морковь",9.38,11.25,{"$f":"C31*E5","v":93.80000000000001},{"$f":"D31*F5","v":112.5},{"$f":"D31*G4","v":112.5},318.8,"кофе","кг",null,null,{"v":0,"d":"0.000"}]
[null,"лук",7.2,8.64,{"$f":"C32*E5","v":72},{"$f":"D32*F5","v":86.4},{"$f":"D32*G4","v":86.4},244.8,"заварка","кг",{"$f":"(H15+H61)/1000","v":0.026},null,-0.026]
[null,"масло раст",3,3.6,{"$f":"C33*E5","v":30},{"$f":"D33*F5","v":36},{"$f":"D33*G4","v":36},102,"лимонная кислота","кг",null,null,{"v":0,"d":"0.000"}]
[null,"бульон",105,126,{"$f":"C34*E5","v":1050},{"$f":"D34*F5","v":1260},{"$f":"D34*G4","v":1260},3570,"дрожжи","кг",null,null,{"v":0,"d":"0.000"}]
[null,"соль",0.5,0.7,{"$f":"C35*E5","v":5},{"$f":"D35*F5","v":7},{"$f":"D35*G4","v":7},19,"сок","л",{"$f":"F24/1000","v":{"v":1.8,"d":"1.80"}},null,{"v":-1.8,"d":"-1.80"}]
["Запеканка картофельная с рыбой","лук",12.72,16.92,{"$f":"C36*E5","v":127.2},{"$f":"D36*F5","v":169.20000000000002},null,{"$f":"E36+F36+G36","v":296.40000000000003},"соль","кг",{"$f":"(H12+H35+H42)/1000","v":{"v":0.039,"d":"0.04"}},null,{"v":-0.039,"d":"-0.04"}]
[null,"масло растительное",1.8,2.4,{"$f":"C37*E5","v":18},{"$f":"D37*F5","v":24},null,{"$f":"E37+F37+G37","v":42},"картофель","кг",{"$f":"(H28+H43)/1000","v":{"v":5.8079,"d":"5.81"}},null,{"v":-5.8079,"d":"-5.81"}]
[null,"фарш рыбный",39.38,52.5,{"$f":"C38*E5","v":393.8},{"$f":"D38*F5","v":525},null,{"$f":"E38+F38+G38","v":918.8},"томат паста","л",null,null,{"v":0,"d":"0.00"}]
[null,"минтай",51,68,{"$f":"C39*E5","v":510},{"$f":"D39*F5","v":680},null,1190,"сол.огурцы","л",{"$f":"H27/1000","v":{"v":1.454,"d":"1.45"}},null,{"v":-1.454,"d":"-1.45"}]
[null,"масло слив.",4.6,6.1,{"$f":"C40*E5","v":46},{"$f":"D40*F5","v":61},null,107,"зеленый горошек","кг"]
[null,"сухари панировочные",3.2,4.27,{"$f":"C41*E5","v":32},{"$f":"D41*F5","v":42.699999999999996},null,74.69999999999999,"огурцы свежие","кг",null,null,{"v":0,"d":"0.00"}]
[null,"соль",0.5,0.6,{"$f":"C42*E5","v":5},{"$f":"D42*F5","v":6},null,11,"лук","кг",{"$f":"(H36+H32)/1000","v":{"v":0.5412,"d":"0.54"}},null,{"v":-0.5412,"d":"-0.54"}]
[null,"картофель",190.7,254.43,{"$f":"C43*E5","v":1907},{"$f":"D43*F5","v":2544.3},null,4451.3,"морковь","кг",{"$f":"H31/1000","v":{"v":0.31880000000000003,"d":"0.32"}},null,{"v":-0.31880000000000003,"d":"-0.32"}]
["хлеб ржаной",null,35,45,{"$f":"C44*E5","v":350},{"$f":"D44*F5","v":450},{"$f":"(G4+G5)*D44","v":450},{"$f":"E44+F44+G44","v":1250},"фасоль","кг",{"$f":"H30/1000","v":{"v":0.4131,"d":"0.41"}},null,{"v":-0.4131,"d":"-0.41"}]
["Кисель","кисель",17.5,21,{"$f":"C45*E5","v":175},{"$f":"D45*F5","v":210},null,{"$f":"E45+F45","v":385},"фрукты","кг",null,null,{"v":0,"d":"0.00"}]
[null,"сахар",5,6,{"$f":"C46*E5","v":50},{"$f":"D46*F5","v":60},null,{"$f":"E46+F46","v":110},"яблоки","кг",null,null,{"v":0,"d":"0.00"}]
[null,"вода",150,180,{"$f":"C47*E5","v":1500},{"$f":"D47*F5","v":1800},null,{"$f":"E47+F47","v":3300},"лимон","кг",{"$f":"H63/1000","v":{"v":0.1355,"d":"0.14"}},null,{"v":-0.1355,"d":"-0.14"}]
["Печенье",null,20,40,{"$f":"C48*E5","v":200},{"$f":"D48*F5","v":400},null,{"$f":"E48+F48","v":600},"кисель","кг",{"$f":"H45/1000","v":{"v":0.385,"d":"0.39"}},null,{"v":-0.385,"d":"-0.39"}]
["УПЛОТНЕННЫЙ  ПОЛДНИК",{"$nulls":7},"свежеморож фрукты","кг",null,null,{"v":0,"d":"0.00"}]
["Ряженка",null,155,185,{"$f":"C50*E5","v":1550},{"$f":"D50*F5","v":1850},null,{"$f":"E50+F50","v":3400},"изюм","кг",null,null,{"v":0,"d":"0.00"}]
["Королевская ватрушка",{"$nulls":7},"сухари панировочные","кг",{"$f":"H41/1000","v":{"v":0.07469999999999999,"d":"0.07"}},null,{"v":-0.07469999999999999,"d":"-0.07"}]
["Посыпка низ","мука ",17,21,{"$f":"C52*E5","v":170},{"$f":"D52*F5","v":210},null,{"$f":"E52+F52","v":380},"батон нарезной","кг",{"$f":"H20/1000","v":0.55},null,-0.55]
[null,"сахар",9,10.7,{"$f":"C53*E5","v":90},{"$f":"D53*F5","v":107},null,197,"хлеб пшеничный","кг",{"$f":"H64/1000","v":0.55},null,{"$f":"L53-K53","v":-0.55}]
[null,"масло слив.",9,10.7,{"$f":"C54*E5","v":90},{"$f":"D54*F5","v":107},null,197,"хлеб ржаной","кг",{"$f":"H44/1000","v":1.25},null,-1.25]
["Творожная начинка","творог",68,78.5,{"$f":"C55*E5","v":680},{"$f":"D55*F5","v":785},null,1465,"кукуруза консерв","кг",null,null,{"v":0,"d":"0.00"}]
[null,"сахар",13.5,15,{"$f":"C56*E5","v":135},{"$f":"D56*F5","v":150},null,285,"сок 0,200","шт",{"$f":"E24/200","v":10},null,{"v":-10,"d":"-10.00"}]
[null,"яйцо",16.2,18,{"$f":"C57*E5","v":162},{"$f":"D57*F5","v":180},null,342,"курага","кг",null,null,{"v":0,"d":"0.00"}]
["Посыпка низ","мука ",7.2,7.8,{"$f":"C58*E5","v":72},{"$f":"D58*F5","v":78},null,150]
[null,"сахар",3.5,4.25,{"$f":"C59*E5","v":35},{"$f":"D59*F5","v":42.5},null,77.5]
[null,"масло слив.",3.5,4.25,{"$f":"C60*E5","v":35},{"$f":"D60*F5","v":42.5},null,77.5]
["Чай с сахаром и лимоном","чай",0.8,0.9,{"$f":"C61*E5","v":8},{"$f":"D61*F5","v":9},null,{"$f":"E61+F61","v":17}]
[null,"сахар",5,6,{"$f":"C62*E5","v":50},{"$f":"D62*F5","v":60},null,{"$f":"E62+F62","v":110}]
[null,"лимон",5.55,8,{"$f":"C63*E5","v":55.5},{"$f":"D63*F5","v":80},null,135.5]
["хлеб пшеничный",null,25,30,{"$f":"C64*E5","v":250},{"$f":"D64*F5","v":300},null,{"$f":"E64+F64","v":550}]

{"sheet":"10 день","index":9,"n_rows":78,"n_cols":14,"rows_kept":78,"merged":[[0,0,1,1],[0,2,1,3],[0,4,1,5],[0,6,1,6],[0,7,1,7],[3,0,3,3],[4,0,4,7],[5,0,5,7],[6,0,6,1],[6,6,10,6],[7,0,7,1],[8,0,8,1],[9,0,9,1],[10,0,10,1],[11,0,11,7],[12,0,12,1],[12,6,15,6],[13,0,13,1],[14,0,14,1],[15,0,15,1],[16,0,16,7],[17,0,17,1],[17,6,18,6],[18,0,18,1],[19,0,19,7],[20,0,20,1],[21,0,21,7],[22,0,24,0],[22,6,24,6],[25,0,25,7],[26,0,26,1],[27,0,27,1],[28,0,28,1],[29,0,29,1],[30,0,30,1],[31,0,31,1],[32,0,32,1],[33,0,40,0],[33,6,40,6],[41,0,46,0],[41,6,54,6],[47,0,54,0],[55,0,57,0],[55,6,57,6],[58,0,58,1],[59,0,59,7],[60,0,60,1],[61,0,68,0],[61,6,68,6],[69,0,73,0],[69,6,73,6],[74,0,74,1],[75,0,77,0],[75,6,77,6]]}
["меню на 10 день",null,"ГРАММ НА 1 РЕБЕНКА",null,"КОЛ-ВО ДЕТЕЙ ",null,"Сотрудники","ИТОГО","продукты к выдаче","ед.изм","ИТОГО на день","Выдано","Перерасход (экономия)"]
[{"$nulls":8},"мясо (котлетное)","кг",null,null,{"$f":"L2-K2","v":{"v":0,"d":"0.00"}},{"$f":"B3","v":"00:00:00"}]
["Дата",null,"ЯСЛИ","САД","ЯСЛИ","САД",10,"первое","фарш готовый","кг",null,null,{"$f":"L3-K3","v":{"v":0,"d":"0.00"}}]
[{"$nulls":4},10,10,null,"второе","фарш куриный","кг",{"$f":"H35/1000","v":{"v":0.993,"d":"0.99"}},null,{"v":-0.993,"d":"-0.99"}]
["ЗАВТРАК",{"$nulls":7},"птица","кг",{"$f":"(H27+H34)/1000","v":{"v":2.1565,"d":"2.16"}},null,{"v":-2.1565,"d":"-2.16"}]
["каша геркулесовая",{"$nulls":7},"фарш минтая","кг",null,null,{"v":0,"d":"0.00"}]
["геркулес",null,18,22.5,{"$f":"C7*E4","v":180},{"$f":"D7*F4","v":225},null,{"$f":"E7+F7","v":405},"минтай","кг",null,null,{"v":0,"d":"0.00"}]
["молоко",null,123,158,{"$f":"C8*E4","v":1230},{"$f":"D8*F4","v":1580},null,{"$f":"E8+F8","v":2810},"масло слив","кг",{"$f":"(H11+H19+H48+H73+H64)/1000","v":{"v":0.37010000000000004,"d":"0.37"}},null,{"v":-0.37010000000000004,"d":"-0.37"}]
["Сахар",null,2,2.5,{"$f":"C9*E4","v":20},{"$f":"D9*F4","v":25},null,{"$f":"E9+F9","v":45},"масло раст","л",{"$f":"(H25+H31+H36+H44+H69)/1000","v":{"v":0.29560000000000003,"d":"0.30"}},null,{"v":-0.29560000000000003,"d":"-0.30"}]
["соль",null,0.4,0.5,{"$f":"C10*E4","v":4},{"$f":"D10*F4","v":5},null,{"$f":"E10+F10","v":9},"молоко","л",{"$f":"(H8+H15+H61+H65)/1000","v":8.33},null,-8.33]
["масло сливочное",null,3,5,{"$f":"C11*E4","v":30},{"$f":"D11*F4","v":50},null,{"$f":"E11+F11","v":80},"молоко сгущ ","л",null,null,{"v":0,"d":"0.00"}]
["Кофейный напиток",{"$nulls":7},"кефир","шт. ",null,null,{"v":0,"d":"0.00"}]
["кофе",null,2.5,2.5,{"$f":"C13*E4","v":25},{"$f":"D13*F4","v":25},null,{"$f":"E13+F13","v":50},"ряженка","шт. ",null,null,{"v":0,"d":"0.00"}]
["сахар",null,6,6,{"$f":"C14*E4","v":60},{"$f":"D14*F4","v":60},null,{"$f":"E14+F14","v":120},"катык","шт. ",null,null,{"v":0,"d":"0.00"}]
["молоко",null,90,90,{"$f":"C15*E4","v":900},{"$f":"D15*F4","v":900},null,{"$f":"E15+F15","v":1800},"напиток ацидофильный","шт. ",null,null,{"v":0,"d":"0.00"}]
["вода",null,108,108,{"$f":"C16*E4","v":1080},{"$f":"D16*F4","v":1080},null,{"$f":"E16+F16","v":2160},"сыр","кг.",{"$f":"H72/1000","v":{"v":0.18359999999999999,"d":"0.18"}},null,{"v":-0.18359999999999999,"d":"-0.18"}]
["бутерброд с маслом",{"$nulls":7},"яйцо","шт. ",{"$f":"(H38+H63)/48","v":{"v":1.925,"d":"2"}},null,{"v":-1.925,"d":"-2"}]
["батон нарезной",null,25,30,{"$f":"C18*E4","v":250},{"$f":"D18*F4","v":300},null,{"$f":"E18+F18","v":550},"мука пшен","кг",{"$f":"(H40+H49+H62)/1000","v":{"v":8.123800000000001,"d":"8.12"}},null,{"v":-8.123800000000001,"d":"-8.12"}]
["масло сливочное",null,5,5,{"$f":"C19*E4","v":50},{"$f":"D19*F4","v":50},null,{"$f":"E19+F19","v":100},"гречка","кг",null,null,{"v":0,"d":"0.00"}]
["2-ОЙ ЗАВТРАК",{"$nulls":7},"манка","кг",null,null,{"v":0,"d":"0.00"}]
["Фрукты свежие",null,100,100,{"$f":"C21*E4","v":1000},{"$f":"D21*F4","v":1000},null,{"$f":"E21+F21","v":2000},"рис","кг",null,null,{"v":0,"d":"0.00"}]
["ОБЕД",{"$nulls":7},"пшено","кг",null,null,{"v":0,"d":"0.00"}]
["Салат из кукурузы к/с","кукуруза к/с",46.6,77.65,{"$f":"C23*E4","v":466},{"$f":"D23*F4","v":776.5},null,{"$f":"F23+E23","v":1242.5},"геркулес","кг",{"$f":"H7/1000","v":{"v":0.405,"d":"0.41"}},null,{"v":-0.405,"d":"-0.41"}]
[null,"сахар",0.6,1,{"$f":"C24*E4","v":6},{"$f":"D24*F4","v":10},null,{"$f":"F24+E24","v":16},"пшеничная","кг",null,null,{"v":0,"d":"0.00"}]
[null,"масло растительное",1.8,3,{"$f":"C25*E4","v":18},{"$f":"D25*F4","v":30},null,{"$f":"E25+F25","v":48},"кукурузная крупа","кг",null,null,{"v":0,"d":"0.00"}]
["Суп лапша домашняя на курином бульоне, с мясом птицы",{"$nulls":7},"сахар песок","кг",{"$f":"(H9+H14+H24+H53+H57+H77+H66)/1000","v":{"v":0.5285,"d":"0.53"}},null,{"v":-0.5285,"d":"-0.53"}]
["цыплята бройлеры",null,24.3,24.3,{"$f":"C27*E4","v":243},{"$f":"D27*F4","v":243},{"$f":"D27*G3","v":243},{"$f":"G27+F27+E27","v":729},"макароны","кг",{"$f":"H70/1000","v":0.92},null,-0.92]
["лапша готовая",null,12,16,{"$f":"C28*E4","v":120},{"$f":"D28*F4","v":160},{"$f":"D28*G3","v":160},{"$f":"E28+F28+G28","v":440},"печенье","кг",null,null,{"v":0,"d":"0.00"}]
["морковь",null,7.5,10,{"$f":"C29*E4","v":75},{"$f":"D29*F4","v":100},{"$f":"D29*G3","v":100},275,"какао","кг",null,null,{"v":0,"d":"0.000"}]
["лук",null,7.1,9.52,{"$f":"C30*E4","v":71},{"$f":"D30*F4","v":95.19999999999999},{"$f":"D30*G3","v":95.19999999999999},261.4,"кофе","кг",{"$f":"H13/1000","v":{"v":0.05,"d":"0.050"}},null,{"v":-0.05,"d":"-0.050"}]
["масло раст.",null,3,4,{"$f":"C31*E4","v":30},{"$f":"D31*F4","v":40},{"$f":"D31*G3","v":40},110,"заварка","кг",null,null,{"v":0,"d":"0.000"}]
["соль",null,0.5,0.7,{"$f":"C32*E4","v":5},{"$f":"D32*F4","v":7},{"$f":"D32*G3","v":7},19,"кукуруза к/с","кг",{"$f":"H23/1000","v":{"v":1.2425,"d":"1.243"}},null,{"v":-1.2425,"d":"-1.243"}]
["бульон",null,143,170,{"$f":"C33*E4","v":1430},{"$f":"D33*F4","v":1700},{"$f":"D33*G3","v":1700},4830,"шиповник","кг",{"$f":"H76/1000","v":{"v":0.337,"d":"0.34"}},null,{"v":-0.337,"d":"-0.34"}]
["Биточки \"Домашние\"","птица",59.5,83.25,{"$f":"C34*E4","v":595},{"$f":"D34*F4","v":832.5},null,1427.5,"сок","л",null,null,{"v":0,"d":"0.00"}]
[null,"фарш куриный",41.4,57.9,{"$f":"C35*E4","v":414},{"$f":"D35*F4","v":579},null,{"$f":"E35+F35","v":993},"соль","кг",{"$f":"(H10+H32+H41+H46+H54+H74+H68)/1000","v":{"v":0.0757,"d":"0.08"}},null,{"v":-0.0757,"d":"-0.08"}]
[null,"масло раст.",1.9,2.6,{"$f":"C36*E4","v":19},{"$f":"D36*F4","v":26},null,45,"картофель","кг",{"$f":"H47/1000","v":{"v":1.197,"d":"1.20"}},null,{"v":-1.197,"d":"-1.20"}]
[null,"морковь",11.75,16.4,{"$f":"C37*E4","v":117.5},{"$f":"D37*F4","v":164},null,281.5,"томат паста","л",{"$f":"H52/1000","v":{"v":0.045,"d":"0.05"}},null,{"v":-0.045,"d":"-0.05"}]
[null,"яйцо",0.6,0.84,{"$f":"C38*E4","v":6},{"$f":"D38*F4","v":8.4},null,14.4,"свекла","л",null,null,{"v":0,"d":"0.00"}]
[null,"лук",9,12.6,{"$f":"C39*E4","v":90},{"$f":"D39*F4","v":126},null,216,"капуста","кг",{"$f":"H45/1000","v":{"v":0.7375,"d":"0.74"}},null,{"$f":"L39-K39","v":{"v":-0.7375,"d":"-0.74"}}]
[null,"мука ",3.75,5.25,{"$f":"C40*E4","v":37.5},{"$f":"D40*F4","v":52.5},null,{"$f":"E40+F40","v":90},"лук","кг",{"$f":"(H30+H39+H43+H51)/1000","v":{"v":0.9484,"d":"0.95"}},null,{"$f":"L40-K40","v":{"v":-0.9484,"d":"-0.95"}}]
[null,"соль",0.4,0.57,{"$f":"C41*E4","v":4},{"$f":"D41*F4","v":5.699999999999999},null,9.7,"морковь","кг",{"$f":"(H29+H37+H42+H50)/1000","v":{"v":1.1528,"d":"1.15"}},null,{"$f":"L41-K41","v":{"v":-1.1528,"d":"-1.15"}}]
["Рагу из овощей","морковь",24,30,{"$f":"C42*E4","v":240},{"$f":"D42*F4","v":300},null,540,"лимон","кг",null,null,{"$f":"L42-K42","v":{"v":0,"d":"0.00"}}]
[null,"лук",20.4,24,{"$f":"C43*E4","v":204},{"$f":"D43*F4","v":240},null,{"$f":"E43+F43","v":444},"повидло","л",null,null,{"v":0,"d":"0.00"}]
[null,"масло растительное",4,5,{"$f":"C44*E4","v":40},{"$f":"D44*F4","v":50},null,90,"фрукты свежие","кг",{"$f":"H21/1000","v":{"v":2,"d":"2.00"}},null,{"v":-2,"d":"-2.00"}]
[null,"капуста свежая",32.75,41,{"$f":"C45*E4","v":327.5},{"$f":"D45*F4","v":410},null,737.5,"яблоки","кг",{"$f":"H56/1000","v":{"v":0.5932000000000001,"d":"0.59"}},null,{"v":-0.5932000000000001,"d":"-0.59"}]
[null,"соль",0.6,0.75,{"$f":"C46*E4","v":6},{"$f":"D46*F4","v":7.5},null,13.5,"изюм","кг",null,null,{"v":0,"d":"0.00"}]
[null,"картофель",53.2,66.5,{"$f":"C47*E4","v":532},{"$f":"D47*F4","v":665},null,1197,"дрожжи","кг",{"$f":"H67/1000","v":{"v":0.008,"d":"0.01"}},null,{"v":-0.008,"d":"-0.01"}]
["Соус","масло сливочное",2.11,2.4,{"$f":"C48*E4","v":21.099999999999998},{"$f":"D48*F4","v":24},null,{"$f":"E48+F48","v":45.099999999999994},"сухари панировочные","кг",null,null,{"v":0,"d":"0.00"}]
[null,"мука ",1.58,1.8,{"$f":"C49*E4","v":15.8},{"$f":"D49*F4","v":18},null,33.8,"батон нарезной","кг",{"$f":"H18/1000","v":0.55},null,-0.55]
[null,"морковь",2.63,3,{"$f":"C50*E4","v":26.299999999999997},{"$f":"D50*F4","v":30},null,56.3,"хлеб пшеничный","кг",{"$f":"H75/1000","v":0.55},null,-0.55]
[null,"лук",1.26,1.44,{"$f":"C51*E4","v":12.6},{"$f":"D51*F4","v":14.399999999999999},null,27,"хлеб ржаной","кг",{"$f":"H59/1000","v":1.25},null,-1.25]
[null,"томатная паста",2.1,2.4,{"$f":"C52*E4","v":21},{"$f":"D52*F4","v":24},null,45,"капуста морская","кг",null,null,{"v":0,"d":"0.00"}]
[null,"сахар",0.35,0.4,{"$f":"C53*E4","v":3.5},{"$f":"D53*F4","v":4},null,7.5,"зеленый горошек к/с","кг",null,null,{"v":0,"d":"0.00"}]
[null,"соль",0.35,0.4,{"$f":"C54*E4","v":3.5},{"$f":"D54*F4","v":4},null,7.5,"сок 0,200","шт",null,null,0]
[null,"вода",35,40,{"$f":"C55*E4","v":350},{"$f":"D55*F4","v":400},null,750,"икра кабачковая ","кг",null,null,{"v":0,"d":"0.00"}]
["Напиток из яблок","яблоки",27.4,31.92,{"$f":"C56*E4","v":274},{"$f":"D56*F4","v":319.20000000000005},null,593.2,"лапша","кг",{"$f":"H28/1000","v":0.44},null,-0.44]
[null,"Сахар",5,6,{"$f":"C57*E4","v":50},{"$f":"D57*F4","v":60},null,110]
[null,"вода",152,183,{"$f":"C58*E4","v":1520},{"$f":"D58*F4","v":1830},null,3350]
["хлеб ржаной",null,35,45,{"$f":"C59*E4","v":350},{"$f":"D59*F4","v":450},{"$f":"(G3+G4)*D59","v":450},{"$f":"E59+F59+G59","v":1250}]
["УПЛОТНЕННЫЙ ПОЛДНИК"]
["Молоко кипяченое",null,158,189,{"$f":"C61*E4","v":1580},{"$f":"D61*F4","v":1890},null,{"$f":"E61+F61","v":3470}]
["Слойка сладкая","мука ",32,32,{"$f":"C62*E4","v":320},{"$f":"D62*F43","v":7680},null,8000]
[null,"яйцо",3.9,3.9,{"$f":"C63*E4","v":39},{"$f":"D63*F4","v":39},null,78]
[null,"масло сливочное",5,5,{"$f":"C64*E4","v":50},{"$f":"D64*F4","v":50},null,100]
[null,"молоко",12.5,12.5,{"$f":"C65*E4","v":125},{"$f":"D65*F4","v":125},null,250]
[null,"сахар",6,6,{"$f":"C66*E4","v":60},{"$f":"D66*F4","v":60},null,120]
[null,"дрожжи",0.4,0.4,{"$f":"C67*E4","v":4},{"$f":"D67*F4","v":4},null,8]
[null,"соль",0.4,0.4,{"$f":"C68*E4","v":4},{"$f":"D68*F4","v":4},null,8]
[null,"масло раст. для смазки",0.13,0.13,{"$f":"C69*E4","v":1.3},{"$f":"D69*F4","v":1.3},null,2.6]
["Макаронные изделия отварные с сыром","макароны",43,49,{"$f":"C70*E4","v":430},{"$f":"D70*F4","v":490},null,920]
[null,"вода",258,294,{"$f":"C71*E4","v":2580},{"$f":"D71*F4","v":2940},null,{"$f":"E71+F71","v":5520}]
[null,"сыр",8.16,10.2,{"$f":"C72*E4","v":81.6},{"$f":"D72*F4","v":102},null,{"$f":"E72+F72","v":183.6}]
[null,"масло слив.",2,2.5,{"$f":"C73*E4","v":20},{"$f":"D73*F4","v":25},null,45]
[null,"соль",0.4,0.5,{"$f":"C74*E4","v":4},{"$f":"D74*F4","v":5},null,9]
["хлеб пшеничный",null,25,30,{"$f":"C75*E4","v":250},{"$f":"D75*F4","v":300},null,{"$f":"E75+F75","v":550}]
["Напиток из шиповника растворимого","шиповник",15.3,18.4,{"$f":"C76*E4","v":153},{"$f":"D76*F4","v":184},null,{"$f":"E76+F76","v":337}]
[null,"сахар",5,6,{"$f":"C77*E4","v":50},{"$f":"D77*F4","v":60},null,{"$f":"E77+F77","v":110}]
[null,"вода",150,180,{"$f":"C78*E4","v":1500},{"$f":"D78*F4","v":1800},null,{"$f":"E78+F78","v":3300}]